<?xml version="1.0" encoding="UTF-8"?>
<record
    xmlns:xsi="http://www.w3.org/2001/XMLSchema-instance"
    xsi:schemaLocation="http://www.loc.gov/MARC21/slim http://www.loc.gov/standards/marcxml/schema/MARC21slim.xsd"
    xmlns="http://www.loc.gov/MARC21/slim">

  <leader>14019nam a2200673 i 4500</leader>
  <controlfield tag="003">DO-SdBNP</controlfield>
  <controlfield tag="005">20251125064852.0</controlfield>
  <controlfield tag="007">ta</controlfield>
  <controlfield tag="008">241015b2022    dr a          00| m spa d</controlfield>
  <datafield tag="020" ind1=" " ind2=" ">
    <subfield code="a">9789945212051 (D&#xF3;minos de multiplicaci&#xF3;n hasta 999)</subfield>
  </datafield>
  <datafield tag="020" ind1=" " ind2=" ">
    <subfield code="a">9789945212068 (D&#xF3;minos de multiplicaci&#xF3;n hasta 99,999)</subfield>
  </datafield>
  <datafield tag="020" ind1=" " ind2=" ">
    <subfield code="a">9789945212075 (D&#xF3;minos de multiplicaci&#xF3;n hasta 999,999)</subfield>
  </datafield>
  <datafield tag="020" ind1=" " ind2=" ">
    <subfield code="a">9789945211962 (D&#xF3;minos de adicciones hasta 99)</subfield>
  </datafield>
  <datafield tag="020" ind1=" " ind2=" ">
    <subfield code="a">9789945211979(D&#xF3;minos de adicciones hasta 999)</subfield>
  </datafield>
  <datafield tag="020" ind1=" " ind2=" ">
    <subfield code="a">9789945211993 (D&#xF3;minos de adicciones hasta 999,999)</subfield>
  </datafield>
  <datafield tag="020" ind1=" " ind2=" ">
    <subfield code="a">9789945212006 (D&#xF3;minos de sustracci&#xF3;n hasta 99)</subfield>
  </datafield>
  <datafield tag="020" ind1=" " ind2=" ">
    <subfield code="a">9789945212013 (D&#xF3;minos de sustracci&#xF3;n hasta 999)</subfield>
  </datafield>
  <datafield tag="020" ind1=" " ind2=" ">
    <subfield code="a">9789945212037 (D&#xF3;minos de sustracci&#xF3;n hasta 999,999)</subfield>
  </datafield>
  <datafield tag="020" ind1=" " ind2=" ">
    <subfield code="a">9789945212242 (Explorando la geometr&#xED;a)</subfield>
  </datafield>
  <datafield tag="020" ind1=" " ind2=" ">
    <subfield code="a">9789945212105 (Las figuras geom&#xE9;tricas planas)</subfield>
  </datafield>
  <datafield tag="020" ind1=" " ind2=" ">
    <subfield code="a">9789945212082 (Los cuerpos geom&#xE9;tricos)</subfield>
  </datafield>
  <datafield tag="020" ind1=" " ind2=" ">
    <subfield code="a">9789945211795 (&#xC1;baco con varillas curvas)</subfield>
  </datafield>
  <datafield tag="020" ind1=" " ind2=" ">
    <subfield code="a">9789945211801 (El &#xE1;baco)</subfield>
  </datafield>
  <datafield tag="020" ind1=" " ind2=" ">
    <subfield code="a">9789945211825 (Circulo de fracciones)</subfield>
  </datafield>
  <datafield tag="020" ind1=" " ind2=" ">
    <subfield code="a">9789945212099 (El reloj)</subfield>
  </datafield>
  <datafield tag="020" ind1=" " ind2=" ">
    <subfield code="a">9789945211863 (Geoplano doble cara)</subfield>
  </datafield>
  <datafield tag="020" ind1=" " ind2=" ">
    <subfield code="a">9789945211870 (Juego de cucharas medidoras)</subfield>
  </datafield>
  <datafield tag="020" ind1=" " ind2=" ">
    <subfield code="a">9789945211887 (Balanza con pesas)</subfield>
  </datafield>
  <datafield tag="020" ind1=" " ind2=" ">
    <subfield code="a">9789945211894 (Juego de tazas medidoras)</subfield>
  </datafield>
  <datafield tag="020" ind1=" " ind2=" ">
    <subfield code="a">9789945212112 (La regla)</subfield>
  </datafield>
  <datafield tag="020" ind1=" " ind2=" ">
    <subfield code="a">9789945211955 (Regla para pizarra)</subfield>
  </datafield>
  <datafield tag="020" ind1=" " ind2=" ">
    <subfield code="a">9789945212082 (Los cuerpos geom&#xE9;tricos)</subfield>
  </datafield>
  <datafield tag="020" ind1=" " ind2=" ">
    <subfield code="a">9789945212105 (Las figuras geom&#xE9;tricas planas)</subfield>
  </datafield>
  <datafield tag="020" ind1=" " ind2=" ">
    <subfield code="a">9789945212129 (Sistema decimal. Uso de bloques)</subfield>
  </datafield>
  <datafield tag="020" ind1=" " ind2=" ">
    <subfield code="a">9789945212136 (El tangram)</subfield>
  </datafield>
  <datafield tag="020" ind1=" " ind2=" ">
    <subfield code="a">9789945212235 (&#xC1;baco)</subfield>
  </datafield>
  <datafield tag="020" ind1=" " ind2=" ">
    <subfield code="a">9789945212242 (Explorando la Geometr&#xED;a)</subfield>
  </datafield>
  <datafield tag="020" ind1=" " ind2=" ">
    <subfield code="a">9789945212266 (Juego de Pesas Did&#xE1;cticas)</subfield>
  </datafield>
  <datafield tag="040" ind1=" " ind2=" ">
    <subfield code="a">DO-SdBNP</subfield>
    <subfield code="b">spa</subfield>
    <subfield code="c">BNPHU </subfield>
    <subfield code="e">rda</subfield>
  </datafield>
  <datafield tag="082" ind1=" " ind2=" ">
    <subfield code="2">22</subfield>
    <subfield code="b">G943m</subfield>
  </datafield>
  <datafield tag="245" ind1="0" ind2="0">
    <subfield code="a">Gu&#xED;a did&#xE1;ctica  :</subfield>
    <subfield code="b">Matem&#xE1;ticas /</subfield>
  </datafield>
  <datafield tag="264" ind1=" " ind2="1">
    <subfield code="a">Santo Domingo :</subfield>
    <subfield code="b">Casa Duarte, </subfield>
    <subfield code="b">Vicens Vives,</subfield>
    <subfield code="c">2022.</subfield>
  </datafield>
  <datafield tag="300" ind1=" " ind2=" ">
    <subfield code="a">26 tomos :</subfield>
    <subfield code="b">ilustraciones</subfield>
    <subfield code="c">22 cm.</subfield>
  </datafield>
  <datafield tag="336" ind1=" " ind2=" ">
    <subfield code="a">texto</subfield>
    <subfield code="b">txt</subfield>
    <subfield code="2">rdacontent</subfield>
  </datafield>
  <datafield tag="337" ind1=" " ind2=" ">
    <subfield code="a">sin mediaci&#xF3;n</subfield>
    <subfield code="b">n</subfield>
    <subfield code="2">rdamedia</subfield>
  </datafield>
  <datafield tag="338" ind1=" " ind2=" ">
    <subfield code="a">volumen</subfield>
    <subfield code="b">nc</subfield>
    <subfield code="2">rdacarrier</subfield>
  </datafield>
  <datafield tag="490" ind1="1" ind2=" ">
    <subfield code="a">Mi casa</subfield>
  </datafield>
  <datafield tag="500" ind1=" " ind2=" ">
    <subfield code="a">Matem&#xE1;ticas.</subfield>
  </datafield>
  <datafield tag="500" ind1=" " ind2=" ">
    <subfield code="a">El ISBN del folleto "&#xC1;baco", lo consegu&#xED; a trav&#xE9;s de la p&#xE1;gina del ISBN, ya que el mismo no lo tiene.</subfield>
  </datafield>
  <datafield tag="500" ind1=" " ind2=" ">
    <subfield code="a">El ISBN del folleto "Explorando la geometr&#xED;a", lo consegu&#xED; a trav&#xE9;s de la p&#xE1;gina del ISBN, ya que el mismo no lo tiene. </subfield>
  </datafield>
  <datafield tag="500" ind1=" " ind2=" ">
    <subfield code="a">El ISBN del folleto "Juego de pesas did&#xE1;cticas", lo consegu&#xED; a trav&#xE9;s de la p&#xE1;gina del ISBN, ya que el mismo no lo tiene. </subfield>
  </datafield>
  <datafield tag="504" ind1=" " ind2=" ">
    <subfield code="a">Incluye bibliograf&#xED;as.</subfield>
  </datafield>
  <datafield tag="505" ind1=" " ind2=" ">
    <subfield code="t">D&#xF3;minos de multiplicaci&#xF3;n hasta 999 --</subfield>
    <subfield code="g">Gu&#xED;a de ense&#xF1;anza al maestro para la instrucci&#xF3;n de la multiplicaci&#xF3;n de los n&#xFA;meros hasta el 999, comprensi&#xF3;n del sentido de la multiplicaci&#xF3;n como suma de sumandos iguales, sentido y obtenci&#xF3;n de productos de multiplicaciones dadas, representaciones de operaciones en la recta num&#xE9;rica, determinaci&#xF3;n de patrones num&#xE9;ricos en tablas. Resoluci&#xF3;n de problemas utilizando la multiplicaci&#xF3;n. /</subfield>
    <subfield code="t">D&#xF3;minos de multiplicaci&#xF3;n hasta 99,999 --</subfield>
    <subfield code="g">Gu&#xED;a de ense&#xF1;anza al maestro para la instrucci&#xF3;n de la multiplicaci&#xF3;n de los n&#xFA;meros hasta el 99,999, comprensi&#xF3;n del sentido y obtenci&#xF3;n de productos de multiplicaciones dadas, representaci&#xF3;n de operaciones en la recta num&#xE9;rica, determinaci&#xF3;n de patrones num&#xE9;ricos en tablas utilizando operaciones.. Resoluci&#xF3;n de problemas utilizando la multiplicaci&#xF3;n. /</subfield>
    <subfield code="t">D&#xF3;minos de multiplicaci&#xF3;n hasta 999,999 --</subfield>
    <subfield code="g">Gu&#xED;a de ense&#xF1;anza al maestro para la instrucci&#xF3;n de la multiplicaci&#xF3;n de los n&#xFA;meros hasta el 999,999, composici&#xF3;n y descomposici&#xF3;n de n&#xFA;meros menores de un mill&#xF3;n, redondeo de n&#xFA;meros naturales menores que un mill&#xF3;n a un valor posicional dado, representaci&#xF3;n de los productos de la multiplicaci&#xF3;n en la recta num&#xE9;rica. Resoluci&#xF3;n, justificaci&#xF3;n y argumentaci&#xF3;n de resultados de problemas utilizando la multiplicaci&#xF3;n. /</subfield>
    <subfield code="t">D&#xF3;minos de adici&#xF3;n hasta el 99 --</subfield>
    <subfield code="g">Gu&#xED;a de ense&#xF1;anza al maestro para la instrucci&#xF3;n de los n&#xFA;meros hasta el 99 en textos diversos, composici&#xF3;n, descomposici&#xF3;n, comparaci&#xF3;n y ordenamiento de n&#xFA;meros menores que 99, explicaci&#xF3;n de los procedimientos y resultados en el trabajo en Matem&#xE1;tica, representaci&#xF3;n de operaciones utilizando modelos y signos concretos. Resoluci&#xF3;n de problemas utilizando la adici&#xF3;n. /</subfield>
    <subfield code="t">D&#xF3;minos de adici&#xF3;n hasta el 999 --</subfield>
    <subfield code="g">Gu&#xED;a de ense&#xF1;anza al maestro para la instrucci&#xF3;n de los n&#xFA;meros hasta el 999 en textos diversos, comparaci&#xF3;n y ordenamiento de n&#xFA;meros menores que 999, conteo, lectura y escritura de n&#xFA;meros hasta el 999 primero, y luego hasta el 1000, identificaci&#xF3;n de la cantidad de unidades que representa un d&#xED;gito seg&#xFA;n su posici&#xF3;n, explicaci&#xF3;n de los procedimientos y resultados en el trabajo en Matem&#xE1;tica, representaci&#xF3;n de operaciones utilizando modelos y signos concretos. Resoluci&#xF3;n de problemas utilizando la adici&#xF3;n. /</subfield>
    <subfield code="t">D&#xF3;minos de adici&#xF3;n hasta el 999,999 --</subfield>
    <subfield code="g">Gu&#xED;a de ense&#xF1;anza al maestro para la instrucci&#xF3;n sobre los n&#xFA;meros hasta el 999,999 en textos diversos, reconocimiento de n&#xFA;meros hasta el 999,999, comparaci&#xF3;n y ordenamiento, conteo, lectura y escritura de n&#xFA;meros hasta el 999,999 y luego hasta el 1,000,000, explicaci&#xF3;n de los procedimientos y resultados en el trabajo en Matem&#xE1;tica, representaci&#xF3;n de operaciones utilizando modelos y signos concretos. Resoluci&#xF3;n de problemas utilizando la adici&#xF3;n. /</subfield>
    <subfield code="t">D&#xF3;minos de sustracci&#xF3;n hasta 99 --</subfield>
    <subfield code="g">Gu&#xED;a de ense&#xF1;anza al maestro para la instrucci&#xF3;n de la sustracci&#xF3;n de los n&#xFA;meros hasta el 99 en textos diversos, composici&#xF3;n, descomposici&#xF3;n, comparaci&#xF3;n y ordenamiento de n&#xFA;meros menores que 99, explicaci&#xF3;n de los procedimientos y resultados en el trabajo en Matem&#xE1;tica, representaci&#xF3;n de operaciones utilizando modelos y signos concretos. Resoluci&#xF3;n de problemas utilizando la sustracci&#xF3;n. /</subfield>
    <subfield code="t">D&#xF3;minos de sustracci&#xF3;n hasta 999 --</subfield>
    <subfield code="g">Gu&#xED;a de ense&#xF1;anza al maestro para la instrucci&#xF3;n de la sustracci&#xF3;n de los n&#xFA;meros hasta el 999 en textos diversos, composici&#xF3;n, descomposici&#xF3;n, comparaci&#xF3;n y ordenamiento de n&#xFA;meros menores que 999, conteo, lectura y escritura de n&#xFA;meros hasta el 999 primero, y luego hasta el 1,000, explicaci&#xF3;n de los procedimientos y resultados en el trabajo en Matem&#xE1;tica, representaci&#xF3;n de operaciones utilizando modelos y signos concretos. Resoluci&#xF3;n de problemas utilizando la sustracci&#xF3;n. /</subfield>
    <subfield code="t">D&#xF3;minos de sustracci&#xF3;n hasta 999,999 --</subfield>
    <subfield code="g">Gu&#xED;a de ense&#xF1;anza al maestro para la instrucci&#xF3;n de la sustracci&#xF3;n de los n&#xFA;meros hasta el 999,999 en textos diversos, comparaci&#xF3;n, ordenamiento, conteo, lectura y escritura de n&#xFA;meros hasta el 999,999 y luego hasta el 1,000,000, explicaci&#xF3;n de los procedimientos y resultados en el trabajo en Matem&#xE1;tica, representaci&#xF3;n de operaciones utilizando modelos y signos concretos. Resoluci&#xF3;n de problemas utilizando la sustracci&#xF3;n. /</subfield>
    <subfield code="t">&#xC1;baco con varillas curvas -- </subfield>
    <subfield code="g">Gu&#xED;a de ense&#xF1;anza al maestro para la instrucci&#xF3;n sobre el &#xE1;baco, caracter&#xED;sticas y aplicaciones, identificaci&#xF3;n de los componentes del &#xE1;baco con varillas curvas, conteo de acuerdo a diferentes criterios, resoluci&#xF3;n de operaciones de adici&#xF3;n y sustracci&#xF3;n, explicaci&#xF3;n oral de los procedimientos y resultados y comprobaci&#xF3;n de los mismos. /</subfield>
    <subfield code="t">El &#xE1;baco --</subfield>
    <subfield code="g">Gu&#xED;a de ense&#xF1;anza al maestro para la instrucci&#xF3;n sobre el &#xE1;baco, caracter&#xED;sticas y aplicaciones, identificaci&#xF3;n de los componentes del &#xE1;baco, determinaci&#xF3;n de la cantidad de unidades que representa un d&#xED;gito en la posici&#xF3;n de las unidades y decenas, conteo de acuerdo a diferentes criterios, resoluci&#xF3;n de operaciones de adici&#xF3;n y sustracci&#xF3;n, explicaci&#xF3;n oral de los procedimientos y resultados y comprobaci&#xF3;n de los mismos. /</subfield>
    <subfield code="t">Bandeja de fracciones --</subfield>
    <subfield code="g">Gu&#xED;a de ense&#xF1;anza al maestro para la instrucci&#xF3;n sobre el significado de las fracciones comunes, c&#xED;rculo de fracciones, caracter&#xED;sticas y aplicaciones, representaci&#xF3;n de fracciones comunes de forma concreta, gr&#xE1;fica y simb&#xF3;lica, comparaci&#xF3;n de fracciones y realizaci&#xF3;n de operaciones con fracciones, suma y resta con denominadores iguales y diferentes, multiplicaci&#xF3;n y divisi&#xF3;n de fracciones. /</subfield>
    <subfield code="t">El reloj --</subfield>
    <subfield code="g">Gu&#xED;a de ense&#xF1;anza al maestro para la instrucci&#xF3;n de la lectura de la hora en los relojes de manecillas y digitales, identificaci&#xF3;n de horas en rutinas, reconocimiento de la manecilla que marca la hora y los minutos, comprensi&#xF3;n de los significados am y pm, per&#xED;odos de tiempos y reconocimiento del reloj como instrumentos de medida de tiempo. /</subfield>
    <subfield code="t">Geoplano doble cara --</subfield>
    <subfield code="g">Gu&#xED;a de ense&#xF1;anza al maestro para la instrucci&#xF3;n sobre el geoplano de doble cara, figuras geom&#xE9;tricas planas e identificaci&#xF3;n de los lados en las figuras geom&#xE9;tricas planas utilizando el geoplano. /</subfield>
    <subfield code="t">Juego de cucharas medidoras --</subfield>
    <subfield code="g">Gu&#xED;a de ense&#xF1;anza al maestro para la instrucci&#xF3;n sobre el uso del juego de cucharas medidoras y sus aplicaciones, estimaci&#xF3;n y medici&#xF3;n de capacidades de distintos recipientes del entorno usando el litro y el mililitro, relaci&#xF3;n de de equivalencias entre distintas unidades de capacidad. /</subfield>
    <subfield code="t">Balanza con pesas --</subfield>
    <subfield code="g">Gu&#xED;a de ense&#xF1;anza al maestro para la instrucci&#xF3;n sobre el juego de pesas, diferencia entre masa y peso, conversi&#xF3;n de medidas de masa, kilogramos, gramos, miligramos, libras, quintal, onzas. /</subfield>
    <subfield code="t">Juego de tazas medidoras --</subfield>
    <subfield code="g">Gu&#xED;a de ense&#xF1;anza al maestro para la instrucci&#xF3;n sobre el juego de tazas medidoras, sus caracter&#xED;sticas y aplicaciones, estimaci&#xF3;n y medici&#xF3;n de capacidades, establecimiento y relaci&#xF3;n de equivalencias entre distintas unidades de capacidad, litro, mililitro, cent&#xED;metro c&#xFA;bico. /</subfield>
    <subfield code="t">La regla --</subfield>
    <subfield code="g">Gu&#xED;a de ense&#xF1;anza al maestro para la instrucci&#xF3;n sobre la regla graduada, sus usos y aplicaciones en Matem&#xE1;ticas, utilizaci&#xF3;n para el trazado de rectas num&#xE9;ricas que representen patrones num&#xE9;ricos, trazado de l&#xED;neas rectas de se&#xF1;alizaci&#xF3;n vial empleando la regla, construcci&#xF3;n de figuras geom&#xE9;tricas y composici&#xF3;n de paisajes y edificio, medici&#xF3;n y comparaci&#xF3;n de diferentes longitudes. /</subfield>
    <subfield code="t">Regla para pizarra --</subfield>
    <subfield code="g">Gu&#xED;a de ense&#xF1;anza al maestro para la instrucci&#xF3;n sobre las aplicaciones y caracter&#xED;sticas de la regla para pizarra; construcci&#xF3;n de rectas paralelas y perpendiculares, bisectriz de &#xE1;ngulo y diferentes &#xE1;ngulos, resoluci&#xF3;n de problemas aplicando el teorema de Pit&#xE1;goras, construcci&#xF3;n de pol&#xED;gonos regulares, utilizaci&#xF3;n del sistema de coordenadas cartesianas para la localizaci&#xF3;n de puntos en el plano cartesiano y trazo de las figuras que se determinan, construcciones sobre puntos y rectas. /</subfield>
    <subfield code="t">Los cuerpos geom&#xE9;tricos --</subfield>
    <subfield code="g">Gu&#xED;a de ense&#xF1;anza al maestro para la instrucci&#xF3;n de los cuerpos geom&#xE9;tricos y sus caracter&#xED;sticas, comparaci&#xF3;n, clasificaci&#xF3;n y establecimiento de similitudes y diferencias, descripci&#xF3;n y utilizaci&#xF3;n de modelos de cuerpos geom&#xE9;tricos para relacionarlos con objetos del entorno social y escolar y para la elaboraci&#xF3;n de dise&#xF1;os art&#xED;sticos. Resoluci&#xF3;n de problemas relacionados con el c&#xE1;lculo del &#xE1;rea y volumen. /</subfield>
    <subfield code="t">Las figuras geom&#xE9;tricas planas --</subfield>
    <subfield code="g">Gu&#xED;a de ense&#xF1;anza al maestro para la instrucci&#xF3;n de las figuras geom&#xE9;tricas, sus caracter&#xED;sticas y propiedades, identificaci&#xF3;n y relaci&#xF3;n de formas, clasificaci&#xF3;n de c&#xED;rculos, tri&#xE1;ngulos, cuadrados y rect&#xE1;ngulos, descripci&#xF3;n, diferenciaci&#xF3;n y similitudes entre los mismos. /</subfield>
    <subfield code="t">Sistema decimal. Uso de bloques --</subfield>
    <subfield code="g">Gu&#xED;a de ense&#xF1;anza al maestro para la instrucci&#xF3;n del sistema decimal, conteo de acuerdo a diferentes criterios, composici&#xF3;n, descomposici&#xF3;n, comparaci&#xF3;n y ordenamiento de n&#xFA;meros hasta el 99, lectura y escritura de n&#xFA;meros naturales, expresi&#xF3;n e identificaci&#xF3;n de medidas de longitud y tiempo utilizando n&#xFA;meros, identificaci&#xF3;n de formas equivalentes de representaci&#xF3;n de un mismo n&#xFA;mero. /</subfield>
    <subfield code="t">El tangram --</subfield>
    <subfield code="g">Gu&#xED;a de ense&#xF1;anza al maestro para la instrucci&#xF3;n del tangram, identificaci&#xF3;n y relaci&#xF3;n de formas del entorno escolar y familiar, identificaci&#xF3;n de las figuras geom&#xE9;tricas que conforman el tangram, caracter&#xED;sticas del tri&#xE1;ngulo, cuadrado y romboide, construcci&#xF3;n de diferentes figuras con las mismas piezas del tangram, elaboraci&#xF3;n de dise&#xF1;os libres. /</subfield>
    <subfield code="t">&#xC1;baco --</subfield>
    <subfield code="g">Esta gu&#xED;a did&#xE1;ctica es una obra realizada para conocer las caracter&#xED;sticas y las aplicaciones del &#xE1;baco, identificar los componentes del &#xE1;baco, determinar las cantidades de unidades que representa un d&#xED;gito en la posici&#xF3;n de las unidades, decenas, centenas y unidad de mil utilizando
el &#xE1;baco. Realizar la operaci&#xF3;n de adici&#xF3;n y sustracci&#xF3;n con el &#xE1;baco, explicaci&#xF3;n de los procedimientos y los resultados obtenidos con el &#xE1;baco. /</subfield>
    <subfield code="t">Explorando la Geometr&#xED;a --</subfield>
    <subfield code="g">Esta gu&#xED;a did&#xE1;ctica tiene como objetivo ense&#xF1;ar conceptos geom&#xE9;tricos de manera interactiva y
practica en el aula. Los estudiantes podr&#xE1;n explorar y experimentar con diferentes formas y
&#xE1;ngulos. Esta gu&#xED;a est&#xE1; dise&#xF1;ada para estudiantes de educaci&#xF3;n primaria y secundaria,
aproximadamente de 8 a 14 a&#xF1;os. Contiene tri&#xE1;ngulo de 45&#xB0;/45&#xB0;/90&#xB0; con transportador integrado
de 180&#xB0; + triangulo de 30&#xB0;/60&#xB0;/90&#xB0;. Ideal para dibujar formas grandes en una pizarra. Esta gu&#xED;a
consta de Introducci&#xF3;n a las Herramientas Geom&#xE9;tricas Magn&#xE9;ticas, Tri&#xE1;ngulos y &#xC1;ngulos,
Construcci&#xF3;n de Formas Comunes, Resoluci&#xF3;n de Problemas Geom&#xE9;tricos, Aplicaci&#xF3;n Practica y
Evaluaci&#xF3;n, Reflexi&#xF3;n y cierre. /</subfield>
    <subfield code="t">Juego de Pesas Did&#xE1;cticas --</subfield>
    <subfield code="g">Gu&#xED;a de ense&#xF1;anza a los estudiantes sobre el peso y las fracciones, familiarizarlos con las unidades de peso y fracciones, relacionar colores con diferentes pesos y fracciones. /</subfield>
    <subfield code="r">Freddy Savi&#xF1;on /</subfield>
  </datafield>
  <datafield tag="521" ind1=" " ind2=" ">
    <subfield code="a">Ense&#xF1;anza preescolar, infantil, primaria, secundaria y bachillerato</subfield>
  </datafield>
  <datafield tag="590" ind1=" " ind2=" ">
    <subfield code="a">Inventariado, 2024/ YL</subfield>
  </datafield>
  <datafield tag="700" ind1="1" ind2=" ">
    <subfield code="4">aut.</subfield>
    <subfield code="a">Savi&#xF1;&#xF3;n, Freddy</subfield>
    <subfield code="e">autor</subfield>
    <subfield code="9">86704</subfield>
  </datafield>
  <datafield tag="910" ind1=" " ind2=" ">
    <subfield code="a">YLockward</subfield>
  </datafield>
  <datafield tag="942" ind1=" " ind2=" ">
    <subfield code="2">ddc</subfield>
    <subfield code="c">LF2</subfield>
  </datafield>
  <datafield tag="952" ind1=" " ind2=" ">
    <subfield code="0">0</subfield>
    <subfield code="1">0</subfield>
    <subfield code="2">ddc</subfield>
    <subfield code="5">1</subfield>
    <subfield code="7">0</subfield>
    <subfield code="8">CIJ-PD</subfield>
    <subfield code="a">BNPHU</subfield>
    <subfield code="b">BNPHU</subfield>
    <subfield code="c">CT</subfield>
    <subfield code="d">2024-05-20</subfield>
    <subfield code="e">Deposito Legal</subfield>
    <subfield code="l">0</subfield>
    <subfield code="o">BNPHU F-CIJ-PD G943m</subfield>
    <subfield code="p">2024-5832</subfield>
    <subfield code="r">2024-10-15</subfield>
    <subfield code="w">2024-10-15</subfield>
    <subfield code="y">LF2</subfield>
    <subfield code="z">D&#xF3;minos de multiplicaci&#xF3;n hasta 999</subfield>
  </datafield>
  <datafield tag="952" ind1=" " ind2=" ">
    <subfield code="0">0</subfield>
    <subfield code="1">0</subfield>
    <subfield code="2">ddc</subfield>
    <subfield code="5">1</subfield>
    <subfield code="7">0</subfield>
    <subfield code="8">CIJ-PD</subfield>
    <subfield code="a">BNPHU</subfield>
    <subfield code="b">BNPHU</subfield>
    <subfield code="c">CT</subfield>
    <subfield code="d">2024-05-20</subfield>
    <subfield code="e">Deposito Legal</subfield>
    <subfield code="l">0</subfield>
    <subfield code="o">BNPHU F-CIJ-PD G943m</subfield>
    <subfield code="p">2024-5833</subfield>
    <subfield code="r">2024-10-15</subfield>
    <subfield code="t">e. 2</subfield>
    <subfield code="w">2024-10-15</subfield>
    <subfield code="y">LF2</subfield>
    <subfield code="z">D&#xF3;minos de multiplicaci&#xF3;n hasta 999</subfield>
  </datafield>
  <datafield tag="952" ind1=" " ind2=" ">
    <subfield code="0">0</subfield>
    <subfield code="1">0</subfield>
    <subfield code="2">ddc</subfield>
    <subfield code="5">6</subfield>
    <subfield code="7">0</subfield>
    <subfield code="8">DS</subfield>
    <subfield code="a">BNPHU</subfield>
    <subfield code="b">BNPHU</subfield>
    <subfield code="c">CT</subfield>
    <subfield code="d">2024-05-20</subfield>
    <subfield code="e">Deposito Legal</subfield>
    <subfield code="l">0</subfield>
    <subfield code="o">BNPHU F-CIJ-DS G943m</subfield>
    <subfield code="p">2024-5834</subfield>
    <subfield code="r">2024-10-15</subfield>
    <subfield code="t">e. 3</subfield>
    <subfield code="w">2024-10-15</subfield>
    <subfield code="y">LF2</subfield>
    <subfield code="z">D&#xF3;minos de multiplicaci&#xF3;n hasta 999</subfield>
  </datafield>
  <datafield tag="952" ind1=" " ind2=" ">
    <subfield code="0">0</subfield>
    <subfield code="1">0</subfield>
    <subfield code="2">ddc</subfield>
    <subfield code="5">1</subfield>
    <subfield code="7">0</subfield>
    <subfield code="8">CIJ-PD</subfield>
    <subfield code="a">BNPHU</subfield>
    <subfield code="b">BNPHU</subfield>
    <subfield code="c">CT</subfield>
    <subfield code="d">2024-05-20</subfield>
    <subfield code="e">Deposito Legal</subfield>
    <subfield code="l">0</subfield>
    <subfield code="o">BNPHU F-CIJ-PD G943m</subfield>
    <subfield code="p">2024-5837</subfield>
    <subfield code="r">2024-10-15</subfield>
    <subfield code="w">2024-10-15</subfield>
    <subfield code="y">LF2</subfield>
    <subfield code="z">D&#xF3;minos de multiplicaci&#xF3;n hasta 99,999</subfield>
  </datafield>
  <datafield tag="952" ind1=" " ind2=" ">
    <subfield code="0">0</subfield>
    <subfield code="1">0</subfield>
    <subfield code="2">ddc</subfield>
    <subfield code="5">1</subfield>
    <subfield code="7">0</subfield>
    <subfield code="8">CIJ-PD</subfield>
    <subfield code="a">BNPHU</subfield>
    <subfield code="b">BNPHU</subfield>
    <subfield code="c">CT</subfield>
    <subfield code="d">2024-05-20</subfield>
    <subfield code="e">Deposito Legal</subfield>
    <subfield code="l">0</subfield>
    <subfield code="o">BNPHU F-CIJ-PD G943m</subfield>
    <subfield code="p">2024-5838</subfield>
    <subfield code="r">2024-10-15</subfield>
    <subfield code="t">e. 2</subfield>
    <subfield code="w">2024-10-15</subfield>
    <subfield code="y">LF2</subfield>
    <subfield code="z">D&#xF3;minos de multiplicaci&#xF3;n hasta 99,999</subfield>
  </datafield>
  <datafield tag="952" ind1=" " ind2=" ">
    <subfield code="0">0</subfield>
    <subfield code="1">0</subfield>
    <subfield code="2">ddc</subfield>
    <subfield code="5">6</subfield>
    <subfield code="7">0</subfield>
    <subfield code="8">DS</subfield>
    <subfield code="a">BNPHU</subfield>
    <subfield code="b">BNPHU</subfield>
    <subfield code="c">CT</subfield>
    <subfield code="d">2024-05-20</subfield>
    <subfield code="e">Deposito Legal</subfield>
    <subfield code="l">0</subfield>
    <subfield code="o">BNPHU F-CIJ-DS G943m</subfield>
    <subfield code="p">2024-5839</subfield>
    <subfield code="r">2024-10-15</subfield>
    <subfield code="t">e. 3</subfield>
    <subfield code="w">2024-10-15</subfield>
    <subfield code="y">LF2</subfield>
    <subfield code="z">D&#xF3;minos de multiplicaci&#xF3;n hasta 99,999</subfield>
  </datafield>
  <datafield tag="952" ind1=" " ind2=" ">
    <subfield code="0">0</subfield>
    <subfield code="1">0</subfield>
    <subfield code="2">ddc</subfield>
    <subfield code="5">1</subfield>
    <subfield code="7">0</subfield>
    <subfield code="8">CIJ-PD</subfield>
    <subfield code="a">BNPHU</subfield>
    <subfield code="b">BNPHU</subfield>
    <subfield code="c">CT</subfield>
    <subfield code="d">2024-05-20</subfield>
    <subfield code="e">Deposito Legal</subfield>
    <subfield code="l">0</subfield>
    <subfield code="o">BNPHU F-CIJ-PD G943m</subfield>
    <subfield code="p">2024-5855</subfield>
    <subfield code="r">2024-10-15</subfield>
    <subfield code="w">2024-10-15</subfield>
    <subfield code="y">LF2</subfield>
    <subfield code="z">D&#xF3;minos de multiplicaci&#xF3;n hasta 999,999</subfield>
  </datafield>
  <datafield tag="952" ind1=" " ind2=" ">
    <subfield code="0">0</subfield>
    <subfield code="1">0</subfield>
    <subfield code="2">ddc</subfield>
    <subfield code="5">1</subfield>
    <subfield code="7">0</subfield>
    <subfield code="8">CIJ-PD</subfield>
    <subfield code="a">BNPHU</subfield>
    <subfield code="b">BNPHU</subfield>
    <subfield code="c">CT</subfield>
    <subfield code="d">2024-05-20</subfield>
    <subfield code="e">Deposito Legal</subfield>
    <subfield code="l">0</subfield>
    <subfield code="o">BNPHU F-CIJ-PD G943m</subfield>
    <subfield code="p">2024-5856</subfield>
    <subfield code="r">2024-10-15</subfield>
    <subfield code="t">e. 2</subfield>
    <subfield code="w">2024-10-15</subfield>
    <subfield code="y">LF2</subfield>
    <subfield code="z">D&#xF3;minos de multiplicaci&#xF3;n hasta 999,999</subfield>
  </datafield>
  <datafield tag="952" ind1=" " ind2=" ">
    <subfield code="0">0</subfield>
    <subfield code="1">0</subfield>
    <subfield code="2">ddc</subfield>
    <subfield code="5">6</subfield>
    <subfield code="7">0</subfield>
    <subfield code="8">DS</subfield>
    <subfield code="a">BNPHU</subfield>
    <subfield code="b">BNPHU</subfield>
    <subfield code="c">CT</subfield>
    <subfield code="d">2024-05-20</subfield>
    <subfield code="e">Deposito Legal</subfield>
    <subfield code="l">0</subfield>
    <subfield code="o">BNPHU F-CIJ-DS G943m</subfield>
    <subfield code="p">2024-5857</subfield>
    <subfield code="r">2024-10-15</subfield>
    <subfield code="t">e. 3</subfield>
    <subfield code="w">2024-10-15</subfield>
    <subfield code="y">LF2</subfield>
    <subfield code="z">D&#xF3;minos de multiplicaci&#xF3;n hasta 999,999</subfield>
  </datafield>
  <datafield tag="952" ind1=" " ind2=" ">
    <subfield code="0">0</subfield>
    <subfield code="1">0</subfield>
    <subfield code="2">ddc</subfield>
    <subfield code="5">1</subfield>
    <subfield code="7">0</subfield>
    <subfield code="8">CIJ-PD</subfield>
    <subfield code="a">BNPHU</subfield>
    <subfield code="b">BNPHU</subfield>
    <subfield code="c">CT</subfield>
    <subfield code="d">2024-05-20</subfield>
    <subfield code="e">Deposito Legal</subfield>
    <subfield code="l">0</subfield>
    <subfield code="o">BNPHU F-CIJ-PD G943m</subfield>
    <subfield code="p">2024-5861</subfield>
    <subfield code="r">2024-10-16</subfield>
    <subfield code="w">2024-10-16</subfield>
    <subfield code="y">LF2</subfield>
    <subfield code="z">D&#xF3;minos de adicci&#xF3;n hasta 99</subfield>
  </datafield>
  <datafield tag="952" ind1=" " ind2=" ">
    <subfield code="0">0</subfield>
    <subfield code="1">0</subfield>
    <subfield code="2">ddc</subfield>
    <subfield code="5">1</subfield>
    <subfield code="7">0</subfield>
    <subfield code="8">CIJ-PD</subfield>
    <subfield code="a">BNPHU</subfield>
    <subfield code="b">BNPHU</subfield>
    <subfield code="c">CT</subfield>
    <subfield code="d">2024-05-20</subfield>
    <subfield code="e">Deposito Legal</subfield>
    <subfield code="l">0</subfield>
    <subfield code="o">BNPHU F-CIJ-PD G943m</subfield>
    <subfield code="p">2024-5862</subfield>
    <subfield code="r">2024-10-16</subfield>
    <subfield code="t">e. 2</subfield>
    <subfield code="w">2024-10-16</subfield>
    <subfield code="y">LF2</subfield>
    <subfield code="z">D&#xF3;minos de adicci&#xF3;n hasta 99</subfield>
  </datafield>
  <datafield tag="952" ind1=" " ind2=" ">
    <subfield code="0">0</subfield>
    <subfield code="1">0</subfield>
    <subfield code="2">ddc</subfield>
    <subfield code="5">6</subfield>
    <subfield code="7">0</subfield>
    <subfield code="8">DS</subfield>
    <subfield code="a">BNPHU</subfield>
    <subfield code="b">BNPHU</subfield>
    <subfield code="c">CT</subfield>
    <subfield code="d">2024-05-20</subfield>
    <subfield code="e">Deposito Legal</subfield>
    <subfield code="l">0</subfield>
    <subfield code="o">BNPHU F-CIJ-DS G943m</subfield>
    <subfield code="p">2024-5863</subfield>
    <subfield code="r">2024-10-16</subfield>
    <subfield code="t">e. 3</subfield>
    <subfield code="w">2024-10-16</subfield>
    <subfield code="y">LF2</subfield>
    <subfield code="z">D&#xF3;minos de adicci&#xF3;n hasta 99</subfield>
  </datafield>
  <datafield tag="952" ind1=" " ind2=" ">
    <subfield code="0">0</subfield>
    <subfield code="1">0</subfield>
    <subfield code="2">ddc</subfield>
    <subfield code="5">1</subfield>
    <subfield code="7">0</subfield>
    <subfield code="8">CIJ-PD</subfield>
    <subfield code="a">BNPHU</subfield>
    <subfield code="b">BNPHU</subfield>
    <subfield code="c">CT</subfield>
    <subfield code="d">2024-05-20</subfield>
    <subfield code="e">Deposito Legal</subfield>
    <subfield code="l">0</subfield>
    <subfield code="o">BNPHU F-CIJ-PD G943m</subfield>
    <subfield code="p">2024-5864</subfield>
    <subfield code="r">2024-10-16</subfield>
    <subfield code="w">2024-10-16</subfield>
    <subfield code="y">LF2</subfield>
    <subfield code="z">D&#xF3;minos de adicci&#xF3;n hasta 999</subfield>
  </datafield>
  <datafield tag="952" ind1=" " ind2=" ">
    <subfield code="0">0</subfield>
    <subfield code="1">0</subfield>
    <subfield code="2">ddc</subfield>
    <subfield code="5">1</subfield>
    <subfield code="7">0</subfield>
    <subfield code="8">CIJ-PD</subfield>
    <subfield code="a">BNPHU</subfield>
    <subfield code="b">BNPHU</subfield>
    <subfield code="c">CT</subfield>
    <subfield code="d">2024-05-20</subfield>
    <subfield code="e">Deposito Legal</subfield>
    <subfield code="l">0</subfield>
    <subfield code="o">BNPHU F-CIJ-PD G943m</subfield>
    <subfield code="p">2024-5865</subfield>
    <subfield code="r">2024-10-16</subfield>
    <subfield code="t">e. 2</subfield>
    <subfield code="w">2024-10-16</subfield>
    <subfield code="y">LF2</subfield>
    <subfield code="z">D&#xF3;minos de adicci&#xF3;n hasta 999</subfield>
  </datafield>
  <datafield tag="952" ind1=" " ind2=" ">
    <subfield code="0">0</subfield>
    <subfield code="1">0</subfield>
    <subfield code="2">ddc</subfield>
    <subfield code="5">6</subfield>
    <subfield code="7">0</subfield>
    <subfield code="8">DS</subfield>
    <subfield code="a">BNPHU</subfield>
    <subfield code="b">BNPHU</subfield>
    <subfield code="c">CT</subfield>
    <subfield code="d">2024-05-20</subfield>
    <subfield code="e">Deposito Legal</subfield>
    <subfield code="l">0</subfield>
    <subfield code="o">BNPHU F-CIJ-DS G943m</subfield>
    <subfield code="p">2024-5866</subfield>
    <subfield code="r">2024-10-16</subfield>
    <subfield code="t">e. 3</subfield>
    <subfield code="w">2024-10-16</subfield>
    <subfield code="y">LF2</subfield>
    <subfield code="z">D&#xF3;minos de adicci&#xF3;n hasta 999</subfield>
  </datafield>
  <datafield tag="952" ind1=" " ind2=" ">
    <subfield code="0">0</subfield>
    <subfield code="1">0</subfield>
    <subfield code="2">ddc</subfield>
    <subfield code="5">1</subfield>
    <subfield code="7">0</subfield>
    <subfield code="8">CIJ-PD</subfield>
    <subfield code="a">BNPHU</subfield>
    <subfield code="b">BNPHU</subfield>
    <subfield code="c">CT</subfield>
    <subfield code="d">2024-05-20</subfield>
    <subfield code="e">Deposito Legal</subfield>
    <subfield code="l">0</subfield>
    <subfield code="o">BNPHU F-CIJ-PD G943m</subfield>
    <subfield code="p">2024-5867</subfield>
    <subfield code="r">2024-10-16</subfield>
    <subfield code="w">2024-10-16</subfield>
    <subfield code="y">LF2</subfield>
    <subfield code="z">D&#xF3;minos de adicci&#xF3;n hasta 999,999</subfield>
  </datafield>
  <datafield tag="952" ind1=" " ind2=" ">
    <subfield code="0">0</subfield>
    <subfield code="1">0</subfield>
    <subfield code="2">ddc</subfield>
    <subfield code="5">1</subfield>
    <subfield code="7">0</subfield>
    <subfield code="8">CIJ-PD</subfield>
    <subfield code="a">BNPHU</subfield>
    <subfield code="b">BNPHU</subfield>
    <subfield code="c">CT</subfield>
    <subfield code="d">2024-05-20</subfield>
    <subfield code="e">Deposito Legal</subfield>
    <subfield code="l">0</subfield>
    <subfield code="o">BNPHU F-CIJ-PD G943m</subfield>
    <subfield code="p">2024-5868</subfield>
    <subfield code="r">2024-10-16</subfield>
    <subfield code="t">e. 2</subfield>
    <subfield code="w">2024-10-16</subfield>
    <subfield code="y">LF2</subfield>
    <subfield code="z">D&#xF3;minos de adicci&#xF3;n hasta 999,999</subfield>
  </datafield>
  <datafield tag="952" ind1=" " ind2=" ">
    <subfield code="0">0</subfield>
    <subfield code="1">0</subfield>
    <subfield code="2">ddc</subfield>
    <subfield code="5">6</subfield>
    <subfield code="7">0</subfield>
    <subfield code="8">DS</subfield>
    <subfield code="a">BNPHU</subfield>
    <subfield code="b">BNPHU</subfield>
    <subfield code="c">CT</subfield>
    <subfield code="d">2024-05-20</subfield>
    <subfield code="e">Deposito Legal</subfield>
    <subfield code="l">0</subfield>
    <subfield code="o">BNPHU F-CIJ-DS G943m</subfield>
    <subfield code="p">2024-5869</subfield>
    <subfield code="r">2024-10-16</subfield>
    <subfield code="t">e. 3</subfield>
    <subfield code="w">2024-10-16</subfield>
    <subfield code="y">LF2</subfield>
    <subfield code="z">D&#xF3;minos de adicci&#xF3;n hasta 999,999</subfield>
  </datafield>
  <datafield tag="952" ind1=" " ind2=" ">
    <subfield code="0">0</subfield>
    <subfield code="1">0</subfield>
    <subfield code="2">ddc</subfield>
    <subfield code="5">1</subfield>
    <subfield code="7">0</subfield>
    <subfield code="8">CIJ-PD</subfield>
    <subfield code="a">BNPHU</subfield>
    <subfield code="b">BNPHU</subfield>
    <subfield code="c">CT</subfield>
    <subfield code="d">2024-05-20</subfield>
    <subfield code="e">Deposito Legal</subfield>
    <subfield code="l">0</subfield>
    <subfield code="o">BNPHU F-CIJ-PD G943m</subfield>
    <subfield code="p">2024-5870</subfield>
    <subfield code="r">2024-10-16</subfield>
    <subfield code="w">2024-10-16</subfield>
    <subfield code="y">LF2</subfield>
    <subfield code="z">D&#xF3;minos de sustracci&#xF3;n hasta el 99</subfield>
  </datafield>
  <datafield tag="952" ind1=" " ind2=" ">
    <subfield code="0">0</subfield>
    <subfield code="1">0</subfield>
    <subfield code="2">ddc</subfield>
    <subfield code="5">1</subfield>
    <subfield code="7">0</subfield>
    <subfield code="8">CIJ-PD</subfield>
    <subfield code="a">BNPHU</subfield>
    <subfield code="b">BNPHU</subfield>
    <subfield code="c">CT</subfield>
    <subfield code="d">2024-05-20</subfield>
    <subfield code="e">Deposito Legal</subfield>
    <subfield code="l">0</subfield>
    <subfield code="o">BNPHU F-CIJ-PD G943m</subfield>
    <subfield code="p">2024-5871</subfield>
    <subfield code="r">2024-10-16</subfield>
    <subfield code="t">e. 2</subfield>
    <subfield code="w">2024-10-16</subfield>
    <subfield code="y">LF2</subfield>
    <subfield code="z">D&#xF3;minos de sustracci&#xF3;n hasta el 99</subfield>
  </datafield>
  <datafield tag="952" ind1=" " ind2=" ">
    <subfield code="0">0</subfield>
    <subfield code="1">0</subfield>
    <subfield code="2">ddc</subfield>
    <subfield code="5">6</subfield>
    <subfield code="7">0</subfield>
    <subfield code="8">DS</subfield>
    <subfield code="a">BNPHU</subfield>
    <subfield code="b">BNPHU</subfield>
    <subfield code="c">CT</subfield>
    <subfield code="d">2024-05-20</subfield>
    <subfield code="e">Deposito Legal</subfield>
    <subfield code="l">0</subfield>
    <subfield code="o">BNPHU F-CIJ-DS G943m</subfield>
    <subfield code="p">2024-5872</subfield>
    <subfield code="r">2024-10-16</subfield>
    <subfield code="t">e. 3</subfield>
    <subfield code="w">2024-10-16</subfield>
    <subfield code="y">LF2</subfield>
    <subfield code="z">D&#xF3;minos de sustracci&#xF3;n hasta el 99</subfield>
  </datafield>
  <datafield tag="952" ind1=" " ind2=" ">
    <subfield code="0">0</subfield>
    <subfield code="1">0</subfield>
    <subfield code="2">ddc</subfield>
    <subfield code="5">1</subfield>
    <subfield code="7">0</subfield>
    <subfield code="8">CIJ-PD</subfield>
    <subfield code="a">BNPHU</subfield>
    <subfield code="b">BNPHU</subfield>
    <subfield code="c">CT</subfield>
    <subfield code="d">2024-05-20</subfield>
    <subfield code="e">Deposito Legal</subfield>
    <subfield code="l">0</subfield>
    <subfield code="o">BNPHU F-CIJ-PD G943m</subfield>
    <subfield code="p">2024-5873</subfield>
    <subfield code="r">2024-10-16</subfield>
    <subfield code="w">2024-10-16</subfield>
    <subfield code="y">LF2</subfield>
    <subfield code="z">D&#xF3;minos de sustracci&#xF3;n hasta el 999</subfield>
  </datafield>
  <datafield tag="952" ind1=" " ind2=" ">
    <subfield code="0">0</subfield>
    <subfield code="1">0</subfield>
    <subfield code="2">ddc</subfield>
    <subfield code="5">1</subfield>
    <subfield code="7">0</subfield>
    <subfield code="8">CIJ-PD</subfield>
    <subfield code="a">BNPHU</subfield>
    <subfield code="b">BNPHU</subfield>
    <subfield code="c">CT</subfield>
    <subfield code="d">2024-05-20</subfield>
    <subfield code="e">Deposito Legal</subfield>
    <subfield code="l">0</subfield>
    <subfield code="o">BNPHU F-CIJ-PD G943m</subfield>
    <subfield code="p">2024-5874</subfield>
    <subfield code="r">2024-10-16</subfield>
    <subfield code="t">e. 2</subfield>
    <subfield code="w">2024-10-16</subfield>
    <subfield code="y">LF2</subfield>
    <subfield code="z">D&#xF3;minos de sustracci&#xF3;n hasta el 999</subfield>
  </datafield>
  <datafield tag="952" ind1=" " ind2=" ">
    <subfield code="0">0</subfield>
    <subfield code="1">0</subfield>
    <subfield code="2">ddc</subfield>
    <subfield code="5">6</subfield>
    <subfield code="7">0</subfield>
    <subfield code="8">DS</subfield>
    <subfield code="a">BNPHU</subfield>
    <subfield code="b">BNPHU</subfield>
    <subfield code="c">CT</subfield>
    <subfield code="d">2024-05-20</subfield>
    <subfield code="e">Deposito Legal</subfield>
    <subfield code="l">0</subfield>
    <subfield code="o">BNPHU F-CIJ-DS G943m</subfield>
    <subfield code="p">2024-5875</subfield>
    <subfield code="r">2024-10-16</subfield>
    <subfield code="t">e. 3</subfield>
    <subfield code="w">2024-10-16</subfield>
    <subfield code="y">LF2</subfield>
    <subfield code="z">D&#xF3;minos de sustracci&#xF3;n hasta el 999</subfield>
  </datafield>
  <datafield tag="952" ind1=" " ind2=" ">
    <subfield code="0">0</subfield>
    <subfield code="1">0</subfield>
    <subfield code="2">ddc</subfield>
    <subfield code="5">1</subfield>
    <subfield code="7">0</subfield>
    <subfield code="8">CIJ-PD</subfield>
    <subfield code="a">BNPHU</subfield>
    <subfield code="b">BNPHU</subfield>
    <subfield code="c">CT</subfield>
    <subfield code="d">2024-05-20</subfield>
    <subfield code="e">Deposito Legal</subfield>
    <subfield code="l">0</subfield>
    <subfield code="o">BNPHU F-CIJ-PD G943m</subfield>
    <subfield code="p">2024-5876</subfield>
    <subfield code="r">2024-10-16</subfield>
    <subfield code="w">2024-10-16</subfield>
    <subfield code="y">LF2</subfield>
    <subfield code="z">D&#xF3;minos de sustracci&#xF3;n hasta el 999,999</subfield>
  </datafield>
  <datafield tag="952" ind1=" " ind2=" ">
    <subfield code="0">0</subfield>
    <subfield code="1">0</subfield>
    <subfield code="2">ddc</subfield>
    <subfield code="5">1</subfield>
    <subfield code="7">0</subfield>
    <subfield code="8">CIJ-PD</subfield>
    <subfield code="a">BNPHU</subfield>
    <subfield code="b">BNPHU</subfield>
    <subfield code="c">CT</subfield>
    <subfield code="d">2024-05-20</subfield>
    <subfield code="e">Deposito Legal</subfield>
    <subfield code="l">0</subfield>
    <subfield code="o">BNPHU F-CIJ-PD G943m</subfield>
    <subfield code="p">2024-5877</subfield>
    <subfield code="r">2024-10-16</subfield>
    <subfield code="t">e. 2</subfield>
    <subfield code="w">2024-10-16</subfield>
    <subfield code="y">LF2</subfield>
    <subfield code="z">D&#xF3;minos de sustracci&#xF3;n hasta el 999,999</subfield>
  </datafield>
  <datafield tag="952" ind1=" " ind2=" ">
    <subfield code="0">0</subfield>
    <subfield code="1">0</subfield>
    <subfield code="2">ddc</subfield>
    <subfield code="5">6</subfield>
    <subfield code="7">0</subfield>
    <subfield code="8">DS</subfield>
    <subfield code="a">BNPHU</subfield>
    <subfield code="b">BNPHU</subfield>
    <subfield code="c">CT</subfield>
    <subfield code="d">2024-05-20</subfield>
    <subfield code="e">Deposito Legal</subfield>
    <subfield code="l">0</subfield>
    <subfield code="o">BNPHU F-CIJ-DS G943m</subfield>
    <subfield code="p">2024-5878</subfield>
    <subfield code="r">2024-10-16</subfield>
    <subfield code="t">e. 3</subfield>
    <subfield code="w">2024-10-16</subfield>
    <subfield code="y">LF2</subfield>
    <subfield code="z">D&#xF3;minos de sustracci&#xF3;n hasta el 999,999</subfield>
  </datafield>
  <datafield tag="952" ind1=" " ind2=" ">
    <subfield code="0">0</subfield>
    <subfield code="1">0</subfield>
    <subfield code="2">ddc</subfield>
    <subfield code="5">1</subfield>
    <subfield code="7">0</subfield>
    <subfield code="8">CIJ-PD</subfield>
    <subfield code="a">BNPHU</subfield>
    <subfield code="b">BNPHU</subfield>
    <subfield code="c">CT</subfield>
    <subfield code="d">2024-05-20</subfield>
    <subfield code="e">Deposito Legal</subfield>
    <subfield code="l">0</subfield>
    <subfield code="o">BNPHU F-CIJ-PD G943m</subfield>
    <subfield code="p">2024-5882</subfield>
    <subfield code="r">2024-10-16</subfield>
    <subfield code="w">2024-10-16</subfield>
    <subfield code="y">LF2</subfield>
    <subfield code="z">&#xC1;baco con varillas curvas</subfield>
  </datafield>
  <datafield tag="952" ind1=" " ind2=" ">
    <subfield code="0">0</subfield>
    <subfield code="1">0</subfield>
    <subfield code="2">ddc</subfield>
    <subfield code="5">1</subfield>
    <subfield code="7">0</subfield>
    <subfield code="8">CIJ-PD</subfield>
    <subfield code="a">BNPHU</subfield>
    <subfield code="b">BNPHU</subfield>
    <subfield code="c">CT</subfield>
    <subfield code="d">2024-05-20</subfield>
    <subfield code="e">Deposito Legal</subfield>
    <subfield code="l">0</subfield>
    <subfield code="o">BNPHU F-CIJ-PD G943m</subfield>
    <subfield code="p">2024-5883</subfield>
    <subfield code="r">2024-10-16</subfield>
    <subfield code="t">e. 2</subfield>
    <subfield code="w">2024-10-16</subfield>
    <subfield code="y">LF2</subfield>
    <subfield code="z">&#xC1;baco con varillas curvas</subfield>
  </datafield>
  <datafield tag="952" ind1=" " ind2=" ">
    <subfield code="0">0</subfield>
    <subfield code="1">0</subfield>
    <subfield code="2">ddc</subfield>
    <subfield code="5">6</subfield>
    <subfield code="7">0</subfield>
    <subfield code="8">DS</subfield>
    <subfield code="a">BNPHU</subfield>
    <subfield code="b">BNPHU</subfield>
    <subfield code="c">CT</subfield>
    <subfield code="d">2024-05-20</subfield>
    <subfield code="e">Deposito Legal</subfield>
    <subfield code="l">0</subfield>
    <subfield code="o">BNPHU F-CIJ-DS G943m</subfield>
    <subfield code="p">2024-5884</subfield>
    <subfield code="r">2024-10-16</subfield>
    <subfield code="t">e. 3</subfield>
    <subfield code="w">2024-10-16</subfield>
    <subfield code="y">LF2</subfield>
    <subfield code="z">&#xC1;baco con varillas curvas</subfield>
  </datafield>
  <datafield tag="952" ind1=" " ind2=" ">
    <subfield code="0">0</subfield>
    <subfield code="1">0</subfield>
    <subfield code="2">ddc</subfield>
    <subfield code="5">1</subfield>
    <subfield code="7">0</subfield>
    <subfield code="8">CIJ-PD</subfield>
    <subfield code="a">BNPHU</subfield>
    <subfield code="b">BNPHU</subfield>
    <subfield code="c">CT</subfield>
    <subfield code="d">2024-05-20</subfield>
    <subfield code="e">Deposito Legal</subfield>
    <subfield code="l">0</subfield>
    <subfield code="o">BNPHU F-CIJ-PD G943m</subfield>
    <subfield code="p">2024-5885</subfield>
    <subfield code="r">2024-10-16</subfield>
    <subfield code="w">2024-10-16</subfield>
    <subfield code="y">LF2</subfield>
    <subfield code="z">El &#xE1;baco</subfield>
  </datafield>
  <datafield tag="952" ind1=" " ind2=" ">
    <subfield code="0">0</subfield>
    <subfield code="1">0</subfield>
    <subfield code="2">ddc</subfield>
    <subfield code="5">1</subfield>
    <subfield code="7">0</subfield>
    <subfield code="8">CIJ-PD</subfield>
    <subfield code="a">BNPHU</subfield>
    <subfield code="b">BNPHU</subfield>
    <subfield code="c">CT</subfield>
    <subfield code="d">2024-05-20</subfield>
    <subfield code="e">Deposito Legal</subfield>
    <subfield code="l">0</subfield>
    <subfield code="o">BNPHU F-CIJ-PD G943m</subfield>
    <subfield code="p">2024-5886</subfield>
    <subfield code="r">2024-10-16</subfield>
    <subfield code="t">e. 2</subfield>
    <subfield code="w">2024-10-16</subfield>
    <subfield code="y">LF2</subfield>
    <subfield code="z">El &#xE1;baco</subfield>
  </datafield>
  <datafield tag="952" ind1=" " ind2=" ">
    <subfield code="0">0</subfield>
    <subfield code="1">0</subfield>
    <subfield code="2">ddc</subfield>
    <subfield code="5">6</subfield>
    <subfield code="7">0</subfield>
    <subfield code="8">DS</subfield>
    <subfield code="a">BNPHU</subfield>
    <subfield code="b">BNPHU</subfield>
    <subfield code="c">CT</subfield>
    <subfield code="d">2024-05-20</subfield>
    <subfield code="e">Deposito Legal</subfield>
    <subfield code="l">0</subfield>
    <subfield code="o">BNPHU F-CIJ-DS G943m</subfield>
    <subfield code="p">2024-5887</subfield>
    <subfield code="r">2024-10-16</subfield>
    <subfield code="t">e. 3</subfield>
    <subfield code="w">2024-10-16</subfield>
    <subfield code="y">LF2</subfield>
    <subfield code="z">El &#xE1;baco</subfield>
  </datafield>
  <datafield tag="952" ind1=" " ind2=" ">
    <subfield code="0">0</subfield>
    <subfield code="1">0</subfield>
    <subfield code="2">ddc</subfield>
    <subfield code="5">1</subfield>
    <subfield code="7">0</subfield>
    <subfield code="8">CIJ-PD</subfield>
    <subfield code="a">BNPHU</subfield>
    <subfield code="b">BNPHU</subfield>
    <subfield code="c">CT</subfield>
    <subfield code="d">2024-05-20</subfield>
    <subfield code="e">Deposito Legal</subfield>
    <subfield code="l">0</subfield>
    <subfield code="o">BNPHU F-CIJ-PD G943m</subfield>
    <subfield code="p">2024-5888</subfield>
    <subfield code="r">2024-10-16</subfield>
    <subfield code="w">2024-10-16</subfield>
    <subfield code="y">LF2</subfield>
    <subfield code="z">C&#xED;rculo de fracciones</subfield>
  </datafield>
  <datafield tag="952" ind1=" " ind2=" ">
    <subfield code="0">0</subfield>
    <subfield code="1">0</subfield>
    <subfield code="2">ddc</subfield>
    <subfield code="5">1</subfield>
    <subfield code="7">0</subfield>
    <subfield code="8">CIJ-PD</subfield>
    <subfield code="a">BNPHU</subfield>
    <subfield code="b">BNPHU</subfield>
    <subfield code="c">CT</subfield>
    <subfield code="d">2024-05-20</subfield>
    <subfield code="e">Deposito Legal</subfield>
    <subfield code="l">0</subfield>
    <subfield code="o">BNPHU F-CIJ-PD G943m</subfield>
    <subfield code="p">2024-5889</subfield>
    <subfield code="r">2024-10-16</subfield>
    <subfield code="t">e. 2</subfield>
    <subfield code="w">2024-10-16</subfield>
    <subfield code="y">LF2</subfield>
    <subfield code="z">C&#xED;rculo de fracciones</subfield>
  </datafield>
  <datafield tag="952" ind1=" " ind2=" ">
    <subfield code="0">0</subfield>
    <subfield code="1">0</subfield>
    <subfield code="2">ddc</subfield>
    <subfield code="5">6</subfield>
    <subfield code="7">0</subfield>
    <subfield code="8">DS</subfield>
    <subfield code="a">BNPHU</subfield>
    <subfield code="b">BNPHU</subfield>
    <subfield code="c">CT</subfield>
    <subfield code="d">2024-05-20</subfield>
    <subfield code="e">Deposito Legal</subfield>
    <subfield code="l">0</subfield>
    <subfield code="o">BNPHU F-CIJ-DS G943m</subfield>
    <subfield code="p">2024-5890</subfield>
    <subfield code="r">2024-10-16</subfield>
    <subfield code="t">e. 3</subfield>
    <subfield code="w">2024-10-16</subfield>
    <subfield code="y">LF2</subfield>
    <subfield code="z">C&#xED;rculo de fracciones</subfield>
  </datafield>
  <datafield tag="952" ind1=" " ind2=" ">
    <subfield code="0">0</subfield>
    <subfield code="1">0</subfield>
    <subfield code="2">ddc</subfield>
    <subfield code="5">1</subfield>
    <subfield code="7">0</subfield>
    <subfield code="8">CIJ-PD</subfield>
    <subfield code="a">BNPHU</subfield>
    <subfield code="b">BNPHU</subfield>
    <subfield code="c">CT</subfield>
    <subfield code="d">2024-05-20</subfield>
    <subfield code="e">Deposito Legal</subfield>
    <subfield code="l">0</subfield>
    <subfield code="o">BNPHU F-CIJ-PD G943m</subfield>
    <subfield code="p">2024-5895</subfield>
    <subfield code="r">2024-10-16</subfield>
    <subfield code="w">2024-10-16</subfield>
    <subfield code="y">LF2</subfield>
    <subfield code="z">El reloj</subfield>
  </datafield>
  <datafield tag="952" ind1=" " ind2=" ">
    <subfield code="0">0</subfield>
    <subfield code="1">0</subfield>
    <subfield code="2">ddc</subfield>
    <subfield code="5">1</subfield>
    <subfield code="7">0</subfield>
    <subfield code="8">CIJ-PD</subfield>
    <subfield code="a">BNPHU</subfield>
    <subfield code="b">BNPHU</subfield>
    <subfield code="c">CT</subfield>
    <subfield code="d">2024-05-20</subfield>
    <subfield code="e">Deposito Legal</subfield>
    <subfield code="l">0</subfield>
    <subfield code="o">BNPHU F-CIJ-PD G943m</subfield>
    <subfield code="p">2024-5896</subfield>
    <subfield code="r">2024-10-16</subfield>
    <subfield code="t">e. 2</subfield>
    <subfield code="w">2024-10-16</subfield>
    <subfield code="y">LF2</subfield>
    <subfield code="z">El reloj</subfield>
  </datafield>
  <datafield tag="952" ind1=" " ind2=" ">
    <subfield code="0">0</subfield>
    <subfield code="1">0</subfield>
    <subfield code="2">ddc</subfield>
    <subfield code="5">6</subfield>
    <subfield code="7">0</subfield>
    <subfield code="8">DS</subfield>
    <subfield code="a">BNPHU</subfield>
    <subfield code="b">BNPHU</subfield>
    <subfield code="c">CT</subfield>
    <subfield code="d">2024-05-20</subfield>
    <subfield code="e">Deposito Legal</subfield>
    <subfield code="l">0</subfield>
    <subfield code="o">BNPHU F-CIJ-DS G943m</subfield>
    <subfield code="p">2024-5897</subfield>
    <subfield code="r">2024-10-16</subfield>
    <subfield code="t">e. 3</subfield>
    <subfield code="w">2024-10-16</subfield>
    <subfield code="y">LF2</subfield>
    <subfield code="z">El reloj</subfield>
  </datafield>
  <datafield tag="952" ind1=" " ind2=" ">
    <subfield code="0">0</subfield>
    <subfield code="1">0</subfield>
    <subfield code="2">ddc</subfield>
    <subfield code="5">1</subfield>
    <subfield code="7">0</subfield>
    <subfield code="8">CIJ-PD</subfield>
    <subfield code="a">BNPHU</subfield>
    <subfield code="b">BNPHU</subfield>
    <subfield code="c">CT</subfield>
    <subfield code="d">2024-05-20</subfield>
    <subfield code="e">Deposito Legal</subfield>
    <subfield code="l">0</subfield>
    <subfield code="o">BNPHU F-CIJ-PD G943m</subfield>
    <subfield code="p">2024-5898</subfield>
    <subfield code="r">2024-10-16</subfield>
    <subfield code="w">2024-10-16</subfield>
    <subfield code="y">LF2</subfield>
    <subfield code="z">Geoplano doble cara</subfield>
  </datafield>
  <datafield tag="952" ind1=" " ind2=" ">
    <subfield code="0">0</subfield>
    <subfield code="1">0</subfield>
    <subfield code="2">ddc</subfield>
    <subfield code="5">1</subfield>
    <subfield code="7">0</subfield>
    <subfield code="8">CIJ-PD</subfield>
    <subfield code="a">BNPHU</subfield>
    <subfield code="b">BNPHU</subfield>
    <subfield code="c">CT</subfield>
    <subfield code="d">2024-05-20</subfield>
    <subfield code="e">Deposito Legal</subfield>
    <subfield code="l">0</subfield>
    <subfield code="o">BNPHU F-CIJ-PD G943m</subfield>
    <subfield code="p">2024-5899</subfield>
    <subfield code="r">2024-10-16</subfield>
    <subfield code="t">e. 2</subfield>
    <subfield code="w">2024-10-16</subfield>
    <subfield code="y">LF2</subfield>
    <subfield code="z">Geoplano doble cara</subfield>
  </datafield>
  <datafield tag="952" ind1=" " ind2=" ">
    <subfield code="0">0</subfield>
    <subfield code="1">0</subfield>
    <subfield code="2">ddc</subfield>
    <subfield code="5">6</subfield>
    <subfield code="7">0</subfield>
    <subfield code="8">DS</subfield>
    <subfield code="a">BNPHU</subfield>
    <subfield code="b">BNPHU</subfield>
    <subfield code="c">CT</subfield>
    <subfield code="d">2024-05-20</subfield>
    <subfield code="e">Deposito Legal</subfield>
    <subfield code="l">0</subfield>
    <subfield code="o">BNPHU F-CIJ-DS G943m</subfield>
    <subfield code="p">2024-5900</subfield>
    <subfield code="r">2024-10-16</subfield>
    <subfield code="t">e. 3</subfield>
    <subfield code="w">2024-10-16</subfield>
    <subfield code="y">LF2</subfield>
    <subfield code="z">Geoplano doble cara</subfield>
  </datafield>
  <datafield tag="952" ind1=" " ind2=" ">
    <subfield code="0">0</subfield>
    <subfield code="1">0</subfield>
    <subfield code="2">ddc</subfield>
    <subfield code="5">6</subfield>
    <subfield code="7">0</subfield>
    <subfield code="8">DS</subfield>
    <subfield code="a">BNPHU</subfield>
    <subfield code="b">BNPHU</subfield>
    <subfield code="c">CT</subfield>
    <subfield code="d">2024-05-20</subfield>
    <subfield code="e">Deposito Legal</subfield>
    <subfield code="l">0</subfield>
    <subfield code="o">BNPHU F-CIJ-DS G943m</subfield>
    <subfield code="p">2024-5901</subfield>
    <subfield code="r">2024-10-16</subfield>
    <subfield code="t">e. 4</subfield>
    <subfield code="w">2024-10-16</subfield>
    <subfield code="y">LF2</subfield>
    <subfield code="z">Geoplano doble cara</subfield>
  </datafield>
  <datafield tag="952" ind1=" " ind2=" ">
    <subfield code="0">0</subfield>
    <subfield code="1">0</subfield>
    <subfield code="2">ddc</subfield>
    <subfield code="5">6</subfield>
    <subfield code="7">0</subfield>
    <subfield code="8">DS</subfield>
    <subfield code="a">BNPHU</subfield>
    <subfield code="b">BNPHU</subfield>
    <subfield code="c">CT</subfield>
    <subfield code="d">2024-05-20</subfield>
    <subfield code="e">Deposito Legal</subfield>
    <subfield code="l">0</subfield>
    <subfield code="o">BNPHU F-CIJ-DS G943m</subfield>
    <subfield code="p">2024-5902</subfield>
    <subfield code="r">2024-10-16</subfield>
    <subfield code="t">e. 5</subfield>
    <subfield code="w">2024-10-16</subfield>
    <subfield code="y">LF2</subfield>
    <subfield code="z">Geoplano doble cara</subfield>
  </datafield>
  <datafield tag="952" ind1=" " ind2=" ">
    <subfield code="0">0</subfield>
    <subfield code="1">0</subfield>
    <subfield code="2">ddc</subfield>
    <subfield code="5">1</subfield>
    <subfield code="7">0</subfield>
    <subfield code="8">CIJ-PD</subfield>
    <subfield code="a">BNPHU</subfield>
    <subfield code="b">BNPHU</subfield>
    <subfield code="c">CT</subfield>
    <subfield code="d">2024-05-20</subfield>
    <subfield code="e">Deposito Legal</subfield>
    <subfield code="l">0</subfield>
    <subfield code="o">BNPHU F-CIJ-PD G943m</subfield>
    <subfield code="p">2024-5903</subfield>
    <subfield code="r">2024-10-16</subfield>
    <subfield code="w">2024-10-16</subfield>
    <subfield code="y">LF2</subfield>
    <subfield code="z">juego de cucharas medidoras</subfield>
  </datafield>
  <datafield tag="952" ind1=" " ind2=" ">
    <subfield code="0">0</subfield>
    <subfield code="1">0</subfield>
    <subfield code="2">ddc</subfield>
    <subfield code="5">1</subfield>
    <subfield code="7">0</subfield>
    <subfield code="8">CIJ-PD</subfield>
    <subfield code="a">BNPHU</subfield>
    <subfield code="b">BNPHU</subfield>
    <subfield code="c">CT</subfield>
    <subfield code="d">2024-05-20</subfield>
    <subfield code="e">Deposito Legal</subfield>
    <subfield code="l">0</subfield>
    <subfield code="o">BNPHU F-CIJ-PD G943m</subfield>
    <subfield code="p">2024-5904</subfield>
    <subfield code="r">2024-10-16</subfield>
    <subfield code="t">e. 2</subfield>
    <subfield code="w">2024-10-16</subfield>
    <subfield code="y">LF2</subfield>
    <subfield code="z">juego de cucharas medidoras</subfield>
  </datafield>
  <datafield tag="952" ind1=" " ind2=" ">
    <subfield code="0">0</subfield>
    <subfield code="1">0</subfield>
    <subfield code="2">ddc</subfield>
    <subfield code="5">1</subfield>
    <subfield code="7">0</subfield>
    <subfield code="8">CIJ-PD</subfield>
    <subfield code="a">BNPHU</subfield>
    <subfield code="b">BNPHU</subfield>
    <subfield code="c">CT</subfield>
    <subfield code="d">2024-05-20</subfield>
    <subfield code="e">Deposito Legal</subfield>
    <subfield code="l">0</subfield>
    <subfield code="o">BNPHU F-CIJ-PD G943m</subfield>
    <subfield code="p">2024-5905</subfield>
    <subfield code="r">2024-10-16</subfield>
    <subfield code="t">e. 2</subfield>
    <subfield code="w">2024-10-16</subfield>
    <subfield code="y">LF2</subfield>
    <subfield code="z">juego de cucharas medidoras</subfield>
  </datafield>
  <datafield tag="952" ind1=" " ind2=" ">
    <subfield code="0">0</subfield>
    <subfield code="1">0</subfield>
    <subfield code="2">ddc</subfield>
    <subfield code="5">6</subfield>
    <subfield code="7">0</subfield>
    <subfield code="8">DS</subfield>
    <subfield code="a">BNPHU</subfield>
    <subfield code="b">BNPHU</subfield>
    <subfield code="c">CT</subfield>
    <subfield code="d">2024-05-20</subfield>
    <subfield code="e">Deposito Legal</subfield>
    <subfield code="l">0</subfield>
    <subfield code="o">BNPHU F-CIJ-DS G943m</subfield>
    <subfield code="p">2024-5906</subfield>
    <subfield code="r">2024-10-16</subfield>
    <subfield code="t">e. 3</subfield>
    <subfield code="w">2024-10-16</subfield>
    <subfield code="y">LF2</subfield>
    <subfield code="z">juego de cucharas medidoras</subfield>
  </datafield>
  <datafield tag="952" ind1=" " ind2=" ">
    <subfield code="0">0</subfield>
    <subfield code="1">0</subfield>
    <subfield code="2">ddc</subfield>
    <subfield code="5">1</subfield>
    <subfield code="7">0</subfield>
    <subfield code="8">CIJ-PD</subfield>
    <subfield code="a">BNPHU</subfield>
    <subfield code="b">BNPHU</subfield>
    <subfield code="c">CT</subfield>
    <subfield code="d">2024-05-20</subfield>
    <subfield code="e">Deposito Legal</subfield>
    <subfield code="l">0</subfield>
    <subfield code="o">BNPHU F-CIJ-PD G943m</subfield>
    <subfield code="p">2024-5910</subfield>
    <subfield code="r">2024-10-16</subfield>
    <subfield code="w">2024-10-16</subfield>
    <subfield code="y">LF2</subfield>
    <subfield code="z">Balanza con pesas</subfield>
  </datafield>
  <datafield tag="952" ind1=" " ind2=" ">
    <subfield code="0">0</subfield>
    <subfield code="1">0</subfield>
    <subfield code="2">ddc</subfield>
    <subfield code="5">1</subfield>
    <subfield code="7">0</subfield>
    <subfield code="8">CIJ-PD</subfield>
    <subfield code="a">BNPHU</subfield>
    <subfield code="b">BNPHU</subfield>
    <subfield code="c">CT</subfield>
    <subfield code="d">2024-05-20</subfield>
    <subfield code="e">Deposito Legal</subfield>
    <subfield code="l">0</subfield>
    <subfield code="o">BNPHU F-CIJ-PD G943m</subfield>
    <subfield code="p">2024-5911</subfield>
    <subfield code="r">2024-10-16</subfield>
    <subfield code="t">e. 2</subfield>
    <subfield code="w">2024-10-16</subfield>
    <subfield code="y">LF2</subfield>
    <subfield code="z">Balanza con pesas</subfield>
  </datafield>
  <datafield tag="952" ind1=" " ind2=" ">
    <subfield code="0">0</subfield>
    <subfield code="1">0</subfield>
    <subfield code="2">ddc</subfield>
    <subfield code="5">6</subfield>
    <subfield code="7">0</subfield>
    <subfield code="8">DS</subfield>
    <subfield code="a">BNPHU</subfield>
    <subfield code="b">BNPHU</subfield>
    <subfield code="c">CT</subfield>
    <subfield code="d">2024-05-20</subfield>
    <subfield code="e">Deposito Legal</subfield>
    <subfield code="l">0</subfield>
    <subfield code="o">BNPHU F-CIJ-DS G943m</subfield>
    <subfield code="p">2024-5912</subfield>
    <subfield code="r">2024-10-16</subfield>
    <subfield code="t">e. 3</subfield>
    <subfield code="w">2024-10-16</subfield>
    <subfield code="y">LF2</subfield>
    <subfield code="z">Balanza con pesas</subfield>
  </datafield>
  <datafield tag="952" ind1=" " ind2=" ">
    <subfield code="0">0</subfield>
    <subfield code="1">0</subfield>
    <subfield code="2">ddc</subfield>
    <subfield code="5">1</subfield>
    <subfield code="7">0</subfield>
    <subfield code="8">CIJ-PD</subfield>
    <subfield code="a">BNPHU</subfield>
    <subfield code="b">BNPHU</subfield>
    <subfield code="c">CT</subfield>
    <subfield code="d">2024-05-20</subfield>
    <subfield code="e">Deposito Legal</subfield>
    <subfield code="l">0</subfield>
    <subfield code="o">BNPHU F-CIJ-PD G943m</subfield>
    <subfield code="p">2024-5913</subfield>
    <subfield code="r">2024-10-16</subfield>
    <subfield code="w">2024-10-16</subfield>
    <subfield code="y">LF2</subfield>
    <subfield code="z">Juego de tazas medidoras</subfield>
  </datafield>
  <datafield tag="952" ind1=" " ind2=" ">
    <subfield code="0">0</subfield>
    <subfield code="1">0</subfield>
    <subfield code="2">ddc</subfield>
    <subfield code="5">1</subfield>
    <subfield code="7">0</subfield>
    <subfield code="8">CIJ-PD</subfield>
    <subfield code="a">BNPHU</subfield>
    <subfield code="b">BNPHU</subfield>
    <subfield code="c">CT</subfield>
    <subfield code="d">2024-05-20</subfield>
    <subfield code="e">Deposito Legal</subfield>
    <subfield code="l">0</subfield>
    <subfield code="o">BNPHU F-CIJ-PD G943m</subfield>
    <subfield code="p">2024-5914</subfield>
    <subfield code="r">2024-10-16</subfield>
    <subfield code="t">e. 2</subfield>
    <subfield code="w">2024-10-16</subfield>
    <subfield code="y">LF2</subfield>
    <subfield code="z">Juego de tazas medidoras</subfield>
  </datafield>
  <datafield tag="952" ind1=" " ind2=" ">
    <subfield code="0">0</subfield>
    <subfield code="1">0</subfield>
    <subfield code="2">ddc</subfield>
    <subfield code="5">6</subfield>
    <subfield code="7">0</subfield>
    <subfield code="8">DS</subfield>
    <subfield code="a">BNPHU</subfield>
    <subfield code="b">BNPHU</subfield>
    <subfield code="c">CT</subfield>
    <subfield code="d">2024-05-20</subfield>
    <subfield code="e">Deposito Legal</subfield>
    <subfield code="l">0</subfield>
    <subfield code="o">BNPHU F-CIJ-DS G943m</subfield>
    <subfield code="p">2024-5915</subfield>
    <subfield code="r">2024-10-16</subfield>
    <subfield code="t">e. 3</subfield>
    <subfield code="w">2024-10-16</subfield>
    <subfield code="y">LF2</subfield>
    <subfield code="z">Juego de tazas medidoras</subfield>
  </datafield>
  <datafield tag="952" ind1=" " ind2=" ">
    <subfield code="0">0</subfield>
    <subfield code="1">0</subfield>
    <subfield code="2">ddc</subfield>
    <subfield code="5">1</subfield>
    <subfield code="7">0</subfield>
    <subfield code="8">CIJ-PD</subfield>
    <subfield code="a">BNPHU</subfield>
    <subfield code="b">BNPHU</subfield>
    <subfield code="c">CT</subfield>
    <subfield code="d">2024-05-20</subfield>
    <subfield code="e">Deposito Legal</subfield>
    <subfield code="l">0</subfield>
    <subfield code="o">BNPHU F-CIJ-PD G943m</subfield>
    <subfield code="p">2024-5916</subfield>
    <subfield code="r">2024-10-16</subfield>
    <subfield code="w">2024-10-16</subfield>
    <subfield code="y">LF2</subfield>
    <subfield code="z">La regla</subfield>
  </datafield>
  <datafield tag="952" ind1=" " ind2=" ">
    <subfield code="0">0</subfield>
    <subfield code="1">0</subfield>
    <subfield code="2">ddc</subfield>
    <subfield code="5">1</subfield>
    <subfield code="7">0</subfield>
    <subfield code="8">CIJ-PD</subfield>
    <subfield code="a">BNPHU</subfield>
    <subfield code="b">BNPHU</subfield>
    <subfield code="c">CT</subfield>
    <subfield code="d">2024-05-20</subfield>
    <subfield code="e">Deposito Legal</subfield>
    <subfield code="l">0</subfield>
    <subfield code="o">BNPHU F-CIJ-PD G943m</subfield>
    <subfield code="p">2024-5917</subfield>
    <subfield code="r">2024-10-16</subfield>
    <subfield code="t">e. 2</subfield>
    <subfield code="w">2024-10-16</subfield>
    <subfield code="y">LF2</subfield>
    <subfield code="z">La regla</subfield>
  </datafield>
  <datafield tag="952" ind1=" " ind2=" ">
    <subfield code="0">0</subfield>
    <subfield code="1">0</subfield>
    <subfield code="2">ddc</subfield>
    <subfield code="5">6</subfield>
    <subfield code="7">0</subfield>
    <subfield code="8">DS</subfield>
    <subfield code="a">BNPHU</subfield>
    <subfield code="b">BNPHU</subfield>
    <subfield code="c">CT</subfield>
    <subfield code="d">2024-05-20</subfield>
    <subfield code="e">Deposito Legal</subfield>
    <subfield code="l">0</subfield>
    <subfield code="o">BNPHU F-CIJ-DS G943m</subfield>
    <subfield code="p">2024-5918</subfield>
    <subfield code="r">2024-10-16</subfield>
    <subfield code="t">e. 3</subfield>
    <subfield code="w">2024-10-16</subfield>
    <subfield code="y">LF2</subfield>
    <subfield code="z">La regla</subfield>
  </datafield>
  <datafield tag="952" ind1=" " ind2=" ">
    <subfield code="0">0</subfield>
    <subfield code="1">0</subfield>
    <subfield code="2">ddc</subfield>
    <subfield code="5">1</subfield>
    <subfield code="7">0</subfield>
    <subfield code="8">CIJ-PD</subfield>
    <subfield code="a">BNPHU</subfield>
    <subfield code="b">BNPHU</subfield>
    <subfield code="c">CT</subfield>
    <subfield code="d">2024-05-20</subfield>
    <subfield code="e">Deposito Legal</subfield>
    <subfield code="l">0</subfield>
    <subfield code="o">BNPHU F-CIJ-PD G943m</subfield>
    <subfield code="p">2024-5937</subfield>
    <subfield code="r">2024-10-17</subfield>
    <subfield code="w">2024-10-17</subfield>
    <subfield code="y">LF2</subfield>
    <subfield code="z">Regla para pizarra</subfield>
  </datafield>
  <datafield tag="952" ind1=" " ind2=" ">
    <subfield code="0">0</subfield>
    <subfield code="1">0</subfield>
    <subfield code="2">ddc</subfield>
    <subfield code="5">1</subfield>
    <subfield code="7">0</subfield>
    <subfield code="8">CIJ-PD</subfield>
    <subfield code="a">BNPHU</subfield>
    <subfield code="b">BNPHU</subfield>
    <subfield code="c">CT</subfield>
    <subfield code="d">2024-05-20</subfield>
    <subfield code="e">Deposito Legal</subfield>
    <subfield code="l">0</subfield>
    <subfield code="o">BNPHU F-CIJ-PD G943m</subfield>
    <subfield code="p">2024-5938</subfield>
    <subfield code="r">2024-10-17</subfield>
    <subfield code="t">e. 2</subfield>
    <subfield code="w">2024-10-17</subfield>
    <subfield code="y">LF2</subfield>
    <subfield code="z">Regla para pizarra</subfield>
  </datafield>
  <datafield tag="952" ind1=" " ind2=" ">
    <subfield code="0">0</subfield>
    <subfield code="1">0</subfield>
    <subfield code="2">ddc</subfield>
    <subfield code="5">6</subfield>
    <subfield code="7">0</subfield>
    <subfield code="8">DS</subfield>
    <subfield code="a">BNPHU</subfield>
    <subfield code="b">BNPHU</subfield>
    <subfield code="c">CT</subfield>
    <subfield code="d">2024-05-20</subfield>
    <subfield code="e">Deposito Legal</subfield>
    <subfield code="l">0</subfield>
    <subfield code="o">BNPHU F-CIJ-DS G943m</subfield>
    <subfield code="p">2024-5939</subfield>
    <subfield code="r">2024-10-17</subfield>
    <subfield code="t">e. 3</subfield>
    <subfield code="w">2024-10-17</subfield>
    <subfield code="y">LF2</subfield>
    <subfield code="z">Regla para pizarra</subfield>
  </datafield>
  <datafield tag="952" ind1=" " ind2=" ">
    <subfield code="0">0</subfield>
    <subfield code="1">0</subfield>
    <subfield code="2">ddc</subfield>
    <subfield code="5">1</subfield>
    <subfield code="7">0</subfield>
    <subfield code="8">CIJ-PD</subfield>
    <subfield code="a">BNPHU</subfield>
    <subfield code="b">BNPHU</subfield>
    <subfield code="c">CT</subfield>
    <subfield code="d">2024-05-20</subfield>
    <subfield code="e">Deposito Legal</subfield>
    <subfield code="l">0</subfield>
    <subfield code="o">BNPHU F-CIJ-PD G943m</subfield>
    <subfield code="p">2024-5940</subfield>
    <subfield code="r">2024-10-17</subfield>
    <subfield code="w">2024-10-17</subfield>
    <subfield code="y">LF2</subfield>
    <subfield code="z">Los cuerpos geom&#xE9;tricos</subfield>
  </datafield>
  <datafield tag="952" ind1=" " ind2=" ">
    <subfield code="0">0</subfield>
    <subfield code="1">0</subfield>
    <subfield code="2">ddc</subfield>
    <subfield code="5">1</subfield>
    <subfield code="7">0</subfield>
    <subfield code="8">CIJ-PD</subfield>
    <subfield code="a">BNPHU</subfield>
    <subfield code="b">BNPHU</subfield>
    <subfield code="c">CT</subfield>
    <subfield code="d">2024-05-20</subfield>
    <subfield code="e">Deposito Legal</subfield>
    <subfield code="l">0</subfield>
    <subfield code="o">BNPHU F-CIJ-PD G943m</subfield>
    <subfield code="p">2024-5941</subfield>
    <subfield code="r">2024-10-17</subfield>
    <subfield code="t">e. 2</subfield>
    <subfield code="w">2024-10-17</subfield>
    <subfield code="y">LF2</subfield>
    <subfield code="z">Los cuerpos geom&#xE9;tricos</subfield>
  </datafield>
  <datafield tag="952" ind1=" " ind2=" ">
    <subfield code="0">0</subfield>
    <subfield code="1">0</subfield>
    <subfield code="2">ddc</subfield>
    <subfield code="5">6</subfield>
    <subfield code="7">0</subfield>
    <subfield code="8">DS</subfield>
    <subfield code="a">BNPHU</subfield>
    <subfield code="b">BNPHU</subfield>
    <subfield code="c">CT</subfield>
    <subfield code="d">2024-05-20</subfield>
    <subfield code="e">Deposito Legal</subfield>
    <subfield code="l">0</subfield>
    <subfield code="o">BNPHU F-CIJ-DS G943m</subfield>
    <subfield code="p">2024-5942</subfield>
    <subfield code="r">2024-10-17</subfield>
    <subfield code="t">e. 3</subfield>
    <subfield code="w">2024-10-17</subfield>
    <subfield code="y">LF2</subfield>
    <subfield code="z">Los cuerpos geom&#xE9;tricos</subfield>
  </datafield>
  <datafield tag="952" ind1=" " ind2=" ">
    <subfield code="0">0</subfield>
    <subfield code="1">0</subfield>
    <subfield code="2">ddc</subfield>
    <subfield code="5">1</subfield>
    <subfield code="7">0</subfield>
    <subfield code="8">CIJ-PD</subfield>
    <subfield code="a">BNPHU</subfield>
    <subfield code="b">BNPHU</subfield>
    <subfield code="c">CT</subfield>
    <subfield code="d">2024-05-20</subfield>
    <subfield code="e">Deposito Legal</subfield>
    <subfield code="l">0</subfield>
    <subfield code="o">BNPHU F-CIJ-PD G943m</subfield>
    <subfield code="p">2024-5943</subfield>
    <subfield code="r">2024-10-17</subfield>
    <subfield code="w">2024-10-17</subfield>
    <subfield code="y">LF2</subfield>
    <subfield code="z">Las figuras geom&#xE9;tricas planas</subfield>
  </datafield>
  <datafield tag="952" ind1=" " ind2=" ">
    <subfield code="0">0</subfield>
    <subfield code="1">0</subfield>
    <subfield code="2">ddc</subfield>
    <subfield code="5">1</subfield>
    <subfield code="7">0</subfield>
    <subfield code="8">CIJ-PD</subfield>
    <subfield code="a">BNPHU</subfield>
    <subfield code="b">BNPHU</subfield>
    <subfield code="c">CT</subfield>
    <subfield code="d">2024-05-20</subfield>
    <subfield code="e">Deposito Legal</subfield>
    <subfield code="l">0</subfield>
    <subfield code="o">BNPHU F-CIJ-PD G943m</subfield>
    <subfield code="p">2024-5944</subfield>
    <subfield code="r">2024-10-17</subfield>
    <subfield code="t">e. 2</subfield>
    <subfield code="w">2024-10-17</subfield>
    <subfield code="y">LF2</subfield>
    <subfield code="z">Las figuras geom&#xE9;tricas planas</subfield>
  </datafield>
  <datafield tag="952" ind1=" " ind2=" ">
    <subfield code="0">0</subfield>
    <subfield code="1">0</subfield>
    <subfield code="2">ddc</subfield>
    <subfield code="5">6</subfield>
    <subfield code="7">0</subfield>
    <subfield code="8">DS</subfield>
    <subfield code="a">BNPHU</subfield>
    <subfield code="b">BNPHU</subfield>
    <subfield code="c">CT</subfield>
    <subfield code="d">2024-05-20</subfield>
    <subfield code="e">Deposito Legal</subfield>
    <subfield code="l">0</subfield>
    <subfield code="o">BNPHU F-CIJ-DS G943m</subfield>
    <subfield code="p">2024-5945</subfield>
    <subfield code="r">2024-10-17</subfield>
    <subfield code="t">e. 3</subfield>
    <subfield code="w">2024-10-17</subfield>
    <subfield code="y">LF2</subfield>
    <subfield code="z">Las figuras geom&#xE9;tricas planas</subfield>
  </datafield>
  <datafield tag="952" ind1=" " ind2=" ">
    <subfield code="0">0</subfield>
    <subfield code="1">0</subfield>
    <subfield code="2">ddc</subfield>
    <subfield code="5">1</subfield>
    <subfield code="7">0</subfield>
    <subfield code="8">CIJ-PD</subfield>
    <subfield code="a">BNPHU</subfield>
    <subfield code="b">BNPHU</subfield>
    <subfield code="c">CT</subfield>
    <subfield code="d">2024-05-20</subfield>
    <subfield code="e">Deposito Legal</subfield>
    <subfield code="l">0</subfield>
    <subfield code="o">BNPHU F-CIJ-PD G943m</subfield>
    <subfield code="p">2024-5946</subfield>
    <subfield code="r">2024-10-17</subfield>
    <subfield code="w">2024-10-17</subfield>
    <subfield code="y">LF2</subfield>
    <subfield code="z">Sistema decimal. Uso de bloques</subfield>
  </datafield>
  <datafield tag="952" ind1=" " ind2=" ">
    <subfield code="0">0</subfield>
    <subfield code="1">0</subfield>
    <subfield code="2">ddc</subfield>
    <subfield code="5">1</subfield>
    <subfield code="7">0</subfield>
    <subfield code="8">CIJ-PD</subfield>
    <subfield code="a">BNPHU</subfield>
    <subfield code="b">BNPHU</subfield>
    <subfield code="c">CT</subfield>
    <subfield code="d">2024-05-20</subfield>
    <subfield code="e">Deposito Legal</subfield>
    <subfield code="l">0</subfield>
    <subfield code="o">BNPHU F-CIJ-PD G943m</subfield>
    <subfield code="p">2024-5947</subfield>
    <subfield code="r">2024-10-17</subfield>
    <subfield code="t">e. 2</subfield>
    <subfield code="w">2024-10-17</subfield>
    <subfield code="y">LF2</subfield>
    <subfield code="z">Sistema decimal. Uso de bloques</subfield>
  </datafield>
  <datafield tag="952" ind1=" " ind2=" ">
    <subfield code="0">0</subfield>
    <subfield code="1">0</subfield>
    <subfield code="2">ddc</subfield>
    <subfield code="5">6</subfield>
    <subfield code="7">0</subfield>
    <subfield code="8">DS</subfield>
    <subfield code="a">BNPHU</subfield>
    <subfield code="b">BNPHU</subfield>
    <subfield code="c">CT</subfield>
    <subfield code="d">2024-05-20</subfield>
    <subfield code="e">Deposito Legal</subfield>
    <subfield code="l">0</subfield>
    <subfield code="o">BNPHU F-CIJ-DS G943m</subfield>
    <subfield code="p">2024-5948</subfield>
    <subfield code="r">2024-10-17</subfield>
    <subfield code="t">e. 3</subfield>
    <subfield code="w">2024-10-17</subfield>
    <subfield code="y">LF2</subfield>
    <subfield code="z">Sistema decimal. Uso de bloques</subfield>
  </datafield>
  <datafield tag="952" ind1=" " ind2=" ">
    <subfield code="0">0</subfield>
    <subfield code="1">0</subfield>
    <subfield code="2">ddc</subfield>
    <subfield code="5">1</subfield>
    <subfield code="7">0</subfield>
    <subfield code="8">CIJ-PD</subfield>
    <subfield code="a">BNPHU</subfield>
    <subfield code="b">BNPHU</subfield>
    <subfield code="c">CT</subfield>
    <subfield code="d">2024-05-20</subfield>
    <subfield code="e">Deposito Legal</subfield>
    <subfield code="l">0</subfield>
    <subfield code="o">BNPHU F-CIJ-PD G943m</subfield>
    <subfield code="p">2024-5949</subfield>
    <subfield code="r">2024-10-17</subfield>
    <subfield code="w">2024-10-17</subfield>
    <subfield code="y">LF2</subfield>
    <subfield code="z">El tangram</subfield>
  </datafield>
  <datafield tag="952" ind1=" " ind2=" ">
    <subfield code="0">0</subfield>
    <subfield code="1">0</subfield>
    <subfield code="2">ddc</subfield>
    <subfield code="5">1</subfield>
    <subfield code="7">0</subfield>
    <subfield code="8">CIJ-PD</subfield>
    <subfield code="a">BNPHU</subfield>
    <subfield code="b">BNPHU</subfield>
    <subfield code="c">CT</subfield>
    <subfield code="d">2024-05-20</subfield>
    <subfield code="e">Deposito Legal</subfield>
    <subfield code="l">0</subfield>
    <subfield code="o">BNPHU F-CIJ-PD G943m</subfield>
    <subfield code="p">2024-5950</subfield>
    <subfield code="r">2024-10-17</subfield>
    <subfield code="t">e. 2</subfield>
    <subfield code="w">2024-10-17</subfield>
    <subfield code="y">LF2</subfield>
    <subfield code="z">El tangram</subfield>
  </datafield>
  <datafield tag="952" ind1=" " ind2=" ">
    <subfield code="0">0</subfield>
    <subfield code="1">0</subfield>
    <subfield code="2">ddc</subfield>
    <subfield code="5">6</subfield>
    <subfield code="7">0</subfield>
    <subfield code="8">DS</subfield>
    <subfield code="a">BNPHU</subfield>
    <subfield code="b">BNPHU</subfield>
    <subfield code="c">CT</subfield>
    <subfield code="d">2024-05-20</subfield>
    <subfield code="e">Deposito Legal</subfield>
    <subfield code="l">0</subfield>
    <subfield code="o">BNPHU F-CIJ-DS G943m</subfield>
    <subfield code="p">2024-5951</subfield>
    <subfield code="r">2024-10-17</subfield>
    <subfield code="t">e. 3</subfield>
    <subfield code="w">2024-10-17</subfield>
    <subfield code="y">LF2</subfield>
    <subfield code="z">El tangram</subfield>
  </datafield>
  <datafield tag="952" ind1=" " ind2=" ">
    <subfield code="0">0</subfield>
    <subfield code="1">0</subfield>
    <subfield code="2">ddc</subfield>
    <subfield code="5">1</subfield>
    <subfield code="7">0</subfield>
    <subfield code="8">CIJ-PD</subfield>
    <subfield code="a">BNPHU</subfield>
    <subfield code="b">BNPHU</subfield>
    <subfield code="c">CT</subfield>
    <subfield code="d">2024-05-20</subfield>
    <subfield code="e">Deposito Legal</subfield>
    <subfield code="l">0</subfield>
    <subfield code="o">BNPHU F-CIJ-PD G943m</subfield>
    <subfield code="p">2024-5952</subfield>
    <subfield code="r">2024-10-17</subfield>
    <subfield code="w">2024-10-17</subfield>
    <subfield code="y">LF2</subfield>
    <subfield code="z">&#xC1;baco  </subfield>
  </datafield>
  <datafield tag="952" ind1=" " ind2=" ">
    <subfield code="0">0</subfield>
    <subfield code="1">0</subfield>
    <subfield code="2">ddc</subfield>
    <subfield code="5">1</subfield>
    <subfield code="7">0</subfield>
    <subfield code="8">CIJ-PD</subfield>
    <subfield code="a">BNPHU</subfield>
    <subfield code="b">BNPHU</subfield>
    <subfield code="c">CT</subfield>
    <subfield code="d">2024-05-20</subfield>
    <subfield code="e">Deposito Legal</subfield>
    <subfield code="l">0</subfield>
    <subfield code="o">BNPHU F-CIJ-PD G943m</subfield>
    <subfield code="p">2024-5953</subfield>
    <subfield code="r">2024-10-17</subfield>
    <subfield code="t">e. 2</subfield>
    <subfield code="w">2024-10-17</subfield>
    <subfield code="y">LF2</subfield>
    <subfield code="z">&#xC1;baco  </subfield>
  </datafield>
  <datafield tag="952" ind1=" " ind2=" ">
    <subfield code="0">0</subfield>
    <subfield code="1">0</subfield>
    <subfield code="2">ddc</subfield>
    <subfield code="5">6</subfield>
    <subfield code="7">0</subfield>
    <subfield code="8">DS</subfield>
    <subfield code="a">BNPHU</subfield>
    <subfield code="b">BNPHU</subfield>
    <subfield code="c">CT</subfield>
    <subfield code="d">2024-05-20</subfield>
    <subfield code="e">Deposito Legal</subfield>
    <subfield code="l">0</subfield>
    <subfield code="o">BNPHU F-CIJ-DS G943m</subfield>
    <subfield code="p">2024-5954</subfield>
    <subfield code="r">2024-10-17</subfield>
    <subfield code="t">e. 3</subfield>
    <subfield code="w">2024-10-17</subfield>
    <subfield code="y">LF2</subfield>
    <subfield code="z">&#xC1;baco  </subfield>
  </datafield>
  <datafield tag="952" ind1=" " ind2=" ">
    <subfield code="0">0</subfield>
    <subfield code="1">0</subfield>
    <subfield code="2">ddc</subfield>
    <subfield code="5">1</subfield>
    <subfield code="7">0</subfield>
    <subfield code="8">CIJ-PD</subfield>
    <subfield code="a">BNPHU</subfield>
    <subfield code="b">BNPHU</subfield>
    <subfield code="c">CT</subfield>
    <subfield code="d">2024-05-20</subfield>
    <subfield code="e">Deposito Legal</subfield>
    <subfield code="l">0</subfield>
    <subfield code="o">BNPHU F-CIJ-PD G943m</subfield>
    <subfield code="p">2024-5955</subfield>
    <subfield code="r">2024-10-17</subfield>
    <subfield code="w">2024-10-17</subfield>
    <subfield code="y">LF2</subfield>
    <subfield code="z">Explorando la geometr&#xED;a</subfield>
  </datafield>
  <datafield tag="952" ind1=" " ind2=" ">
    <subfield code="0">0</subfield>
    <subfield code="1">0</subfield>
    <subfield code="2">ddc</subfield>
    <subfield code="5">1</subfield>
    <subfield code="7">0</subfield>
    <subfield code="8">CIJ-PD</subfield>
    <subfield code="a">BNPHU</subfield>
    <subfield code="b">BNPHU</subfield>
    <subfield code="c">CT</subfield>
    <subfield code="d">2024-05-20</subfield>
    <subfield code="e">Deposito Legal</subfield>
    <subfield code="l">0</subfield>
    <subfield code="o">BNPHU F-CIJ-PD G943m</subfield>
    <subfield code="p">2024-5956</subfield>
    <subfield code="r">2024-10-17</subfield>
    <subfield code="t">e. 2</subfield>
    <subfield code="w">2024-10-17</subfield>
    <subfield code="y">LF2</subfield>
    <subfield code="z">Explorando la geometr&#xED;a</subfield>
  </datafield>
  <datafield tag="952" ind1=" " ind2=" ">
    <subfield code="0">0</subfield>
    <subfield code="1">0</subfield>
    <subfield code="2">ddc</subfield>
    <subfield code="5">6</subfield>
    <subfield code="7">0</subfield>
    <subfield code="8">DS</subfield>
    <subfield code="a">BNPHU</subfield>
    <subfield code="b">BNPHU</subfield>
    <subfield code="c">CT</subfield>
    <subfield code="d">2024-05-20</subfield>
    <subfield code="e">Deposito Legal</subfield>
    <subfield code="l">0</subfield>
    <subfield code="o">BNPHU F-CIJ-DS G943m</subfield>
    <subfield code="p">2024-5957</subfield>
    <subfield code="r">2024-10-17</subfield>
    <subfield code="t">e. 3</subfield>
    <subfield code="w">2024-10-17</subfield>
    <subfield code="y">LF2</subfield>
    <subfield code="z">Explorando la geometr&#xED;a</subfield>
  </datafield>
  <datafield tag="952" ind1=" " ind2=" ">
    <subfield code="0">0</subfield>
    <subfield code="1">0</subfield>
    <subfield code="2">ddc</subfield>
    <subfield code="5">1</subfield>
    <subfield code="7">0</subfield>
    <subfield code="8">CIJ-PD</subfield>
    <subfield code="a">BNPHU</subfield>
    <subfield code="b">BNPHU</subfield>
    <subfield code="c">CT</subfield>
    <subfield code="d">2024-05-20</subfield>
    <subfield code="e">Deposito Legal</subfield>
    <subfield code="l">0</subfield>
    <subfield code="o">BNPHU F-CIJ-PD G943m</subfield>
    <subfield code="p">2024-5958</subfield>
    <subfield code="r">2024-10-17</subfield>
    <subfield code="w">2024-10-17</subfield>
    <subfield code="y">LF2</subfield>
    <subfield code="z">Juego de pesas did&#xE1;cticas</subfield>
  </datafield>
  <datafield tag="952" ind1=" " ind2=" ">
    <subfield code="0">0</subfield>
    <subfield code="1">0</subfield>
    <subfield code="2">ddc</subfield>
    <subfield code="5">1</subfield>
    <subfield code="7">0</subfield>
    <subfield code="8">CIJ-PD</subfield>
    <subfield code="a">BNPHU</subfield>
    <subfield code="b">BNPHU</subfield>
    <subfield code="c">CT</subfield>
    <subfield code="d">2024-05-20</subfield>
    <subfield code="e">Deposito Legal</subfield>
    <subfield code="l">0</subfield>
    <subfield code="o">BNPHU F-CIJ-PD G943m</subfield>
    <subfield code="p">2024-5959</subfield>
    <subfield code="r">2024-10-17</subfield>
    <subfield code="t">e. 2</subfield>
    <subfield code="w">2024-10-17</subfield>
    <subfield code="y">LF2</subfield>
    <subfield code="z">Juego de pesas did&#xE1;cticas</subfield>
  </datafield>
  <datafield tag="952" ind1=" " ind2=" ">
    <subfield code="0">0</subfield>
    <subfield code="1">0</subfield>
    <subfield code="2">ddc</subfield>
    <subfield code="5">6</subfield>
    <subfield code="7">0</subfield>
    <subfield code="8">DS</subfield>
    <subfield code="a">BNPHU</subfield>
    <subfield code="b">BNPHU</subfield>
    <subfield code="c">CT</subfield>
    <subfield code="d">2024-05-20</subfield>
    <subfield code="e">Deposito Legal</subfield>
    <subfield code="l">0</subfield>
    <subfield code="o">BNPHU F-CIJ-DS G943m</subfield>
    <subfield code="p">2024-5960</subfield>
    <subfield code="r">2024-10-17</subfield>
    <subfield code="t">e. 3</subfield>
    <subfield code="w">2024-10-17</subfield>
    <subfield code="y">LF2</subfield>
    <subfield code="z">Juego de pesas did&#xE1;cticas</subfield>
  </datafield>
  <datafield tag="999" ind1=" " ind2=" ">
    <subfield code="c">57862</subfield>
    <subfield code="d">57862</subfield>
  </datafield>
</record>
